Statistics for All 3,142 County Seats of the United States on a Map

Click here to take the quiz!

General Stats

  • This quiz has been taken 2,491 times
  • The average score is 581 of 3142

Answers on the Map

Answers color-coded by a green-red scale on the quiz's map according to % correct below.
 

Answer Stats

StateCountyCounty seat% Correct
GAPauldingDallas
75%
ORPolkDallas
75%
TXDallasDallas
75%
OKOttawaMiami
74%
TXRobertsMiami
74%
FLMiami-DadeMiami
74%
TNMadisonJackson
72%
NCNorthamptonJackson
72%
OHJacksonJackson
72%
MOCape GirardeauJackson
72%
GAButtsJackson
72%
MNJacksonJackson
72%
MIJacksonJackson
72%
WYTetonJackson
72%
KYBreathittJackson
72%
CAAmadorJackson
72%
TXEl PasoEl Paso
71%
TXHarrisHouston
71%
GAHoustonHouston
71%
MOTexasHouston
71%
NMSan MiguelLas Vegas
71%
NVClarkLas Vegas
71%
CALos AngelesLos Angeles
70%
NEPlatteColumbus
69%
TXColoradoColumbus
69%
GAMuscogeeColumbus
69%
NCPolkColumbus
69%
OHFranklinColumbus
69%
INBartholomewColumbus
69%
MTStillwaterColumbus
69%
MSLowndesColumbus
69%
KSCherokeeColumbus
69%
NEMadisonMadison
69%
WIDaneMadison
69%
FLMadisonMadison
69%
MNLac qui ParleMadison
69%
SDLakeMadison
69%
INJeffersonMadison
69%
VAMadisonMadison
69%
GAMorganMadison
69%
WVBooneMadison
69%
CASan DiegoSan Diego
69%
TXDuvalSan Diego
69%
MOGentryAlbany
68%
TXShackelfordAlbany
68%
NYAlbanyAlbany
68%
GADoughertyAlbany
68%
KYClintonAlbany
68%
ORLinnAlbany
68%
CODenverDenver
68%
GAWilkesWashington
68%
VARappahannockWashington
68%
PAWashingtonWashington
68%
IDWashingtonWashington
68%
NCBeaufortWashington
68%
KSWashingtonWashington
68%
INDaviessWashington
68%
IAWashingtonWashington
68%
DCDistrict of ColumbiaWashington
68%
TXTravisAustin
66%
MNMowerAustin
66%
LACaldwellColumbia
66%
SCRichlandColumbia
66%
TNMauryColumbia
66%
MSMarionColumbia
66%
MOBooneColumbia
66%
KYAdairColumbia
66%
NCTyrrellColumbia
66%
LAOrleansNew Orleans
66%
AZMaricopaPhoenix
66%
TXCampPittsburg
66%
FLMonroeKey West
65%
MECumberlandPortland
65%
ORMultnomahPortland
65%
INJayPortland
65%
TXFort BendRichmond
65%
KYMadisonRichmond
65%
INWayneRichmond
65%
VARichmondRichmond
65%
MORayRichmond
65%
WAKingSeattle
65%
MAHampdenSpringfield
65%
KYWashingtonSpringfield
65%
COBacaSpringfield
65%
ILSangamonSpringfield
65%
OHClarkSpringfield
65%
GAEffinghamSpringfield
65%
MOGreeneSpringfield
65%
TNRobertsonSpringfield
65%
TNBradleyCleveland
64%
OHCuyahogaCleveland
64%
GAWhiteCleveland
64%
NMSanta FeSanta Fe
64%
NCForsythWinston-Salem
64%
MASuffolkBoston
63%
ILCookChicago
63%
MIWayneDetroit
63%
NELancasterLincoln
63%
KSLincolnLincoln
63%
ILLoganLincoln
63%
MOScotlandMemphis
63%
TXHallMemphis
63%
TNShelbyMemphis
63%
ARFultonSalem
63%
ORMarionSalem
63%
SDMcCookSalem
63%
VASalemSalem
63%
VARoanokeSalem
63%
INWashingtonSalem
63%
ILMarionSalem
63%
MODentSalem
63%
NJSalemSalem
63%
IDAdaBoise
62%
MODallasBuffalo
62%
MNWrightBuffalo
62%
WYJohnsonBuffalo
62%
SDHardingBuffalo
62%
NYErieBuffalo
62%
OKHarperBuffalo
62%
ILMorganJacksonville
62%
FLDuvalJacksonville
62%
NCOnslowJacksonville
62%
GAJacksonJefferson
62%
IAGreeneJefferson
62%
OHAshtabulaJefferson
62%
WIJeffersonJefferson
62%
TXMarionJefferson
62%
NCAsheJefferson
62%
MSNeshobaPhiladelphia
62%
PAPhiladelphiaPhiladelphia
62%
CASan FranciscoSan Francisco
62%
NMBernalilloAlbuquerque
61%
MOMississippiCharleston
61%
WVKanawhaCharleston
61%
ILColesCharleston
61%
SCCharlestonCharleston
61%
WYLaramieCheyenne
61%
OKRoger MillsCheyenne
61%
NVWashoeReno
61%
UTSalt LakeSalt Lake City
61%
HIHonoluluHonolulu
60%
OKOklahomaOklahoma City
59%
TXBexarSan Antonio
59%
FLHillsboroughTampa
59%
AZPimaTucson
59%
MIEatonCharlotte
58%
TNDicksonCharlotte
58%
NCMecklenburgCharlotte
58%
IAPolkDes Moines
58%
NHStraffordDover
58%
TNStewartDover
58%
DEKentDover
58%
TXTarrantFort Worth
58%
WIMilwaukeeMilwaukee
58%
TNDavidsonNashville
58%
INBrownNashville
58%
ILWashingtonNashville
58%
ARHowardNashville
58%
NCNashNashville
58%
GABerrienNashville
58%
KSSedgwickWichita
58%
TXWichitaWichita Falls
58%
AKAnchorageAnchorage
57%
MIMontmorencyAtlanta
57%
GAFultonAtlanta
57%
LAEast Baton RougeBaton Rouge
57%
OHHamiltonCincinnati
57%
KSWyandotteKansas City
57%
MNHennepinMinneapolis
57%
KSOttawaMinneapolis
57%
NCUnionMonroe
57%
LAOuachitaMonroe
57%
WIGreenMonroe
57%
MIMonroeMonroe
57%
GAWaltonMonroe
57%
ALMontgomeryMontgomery
57%
FLOrangeOrlando
57%
CASacramentoSacramento
57%
ALJeffersonBirmingham
56%
PAErieErie
56%
KSNeoshoErie
56%
MIOceanaHart
56%
PAIndianaIndiana
56%
KSRileyManhattan
56%
NYNew YorkManhattan
56%
ALMobileMobile
56%
NEHowardSaint Paul
56%
MNRamseySaint Paul
56%
MOSt. Louis CitySt. Louis
56%
MDBaltimoreBaltimore
55%
NDGrantCarson
55%
CAFresnoFresno
55%
UTWashingtonSt. George
55%
SCDorchesterSt. George
55%
OKTulsaTulsa
55%
MEKennebecAugusta
54%
GARichmondAugusta
54%
ARWoodruffAugusta
54%
CAAlamedaOakland
54%
MDGarrettOakland
54%
CASanta ClaraSan Jose
54%
MNDouglasAlexandria
53%
SDHansonAlexandria
53%
LARapidesAlexandria
53%
VAAlexandriaAlexandria
53%
GAClarkeAthens
53%
TXHendersonAthens
53%
TNMcMinnAthens
53%
ALLimestoneAthens
53%
OHAthensAthens
53%
KSCoffeyBurlington
53%
KYBooneBurlington
53%
IADes MoinesBurlington
53%
COKit CarsonBurlington
53%
VTBenningtonBurlington
53%
COEl PasoColorado Springs
53%
CTHartfordHartford
53%
KYOhioHartford
53%
WIDodgeJuneau
53%
AKJuneauJuneau
53%
ALChambersLaFayette
53%
TNMaconLafayette
53%
LALafayetteLafayette
53%
GAWalkerLafayette
53%
INTippecanoeLafayette
53%
VAOrangeOrange
53%
TXOrangeOrange
53%
MNOlmstedRochester
53%
INFultonRochester
53%
NYMonroeRochester
53%
ILCassVirginia
53%
ALButlerGreenville
52%
TXHuntGreenville
52%
MOWayneGreenville
52%
ILBondGreenville
52%
KYMuhlenbergGreenville
52%
GAMeriwetherGreenville
52%
MSWashingtonGreenville
52%
OHDarkeGreenville
52%
SCGreenvilleGreenville
52%
NCPittGreenville
52%
ILClayLouisville
52%
KYJeffersonLouisville
52%
MSWinstonLouisville
52%
GAJeffersonLouisville
52%
NYQueensQueens
52%
OHSummitAkron
51%
COWashingtonAkron
51%
TXPotterAmarillo
51%
NDBurleighBismarck
51%
COBoulderBoulder
51%
MTJeffersonBoulder
51%
SDClarkClark
51%
WAColumbiaDayton
51%
TNRheaDayton
51%
OHMontgomeryDayton
51%
AKFairbanks North StarFairbanks
51%
MSJeffersonFayette
51%
ALFayetteFayette
51%
MOHowardFayette
51%
NEBannerHarrisburg
51%
PADauphinHarrisburg
51%
ILSalineHarrisburg
51%
ARPoinsettHarrisburg
51%
VARockbridgeLexington
51%
GAOglethorpeLexington
51%
MSHolmesLexington
51%
NEDawsonLexington
51%
MOLafayetteLexington
51%
NCDavidsonLexington
51%
TNHendersonLexington
51%
KYFayetteLexington
51%
SCLexingtonLexington
51%
VALexingtonLexington
51%
TXLubbockLubbock
51%
NEDouglasOmaha
51%
CASan BernardinoSan Bernardino
51%
NCNew HanoverWilmington
51%
DENew CastleWilmington
51%
OHClintonWilmington
51%
NVCarson CityCarson City
50%
NHMerrimackConcord
50%
NCCabarrusConcord
50%
KYSimpsonFranklin
50%
NCMaconFranklin
50%
VAFranklinFranklin
50%
NEFranklinFranklin
50%
WVPendletonFranklin
50%
TNWilliamsonFranklin
50%
LASt. MaryFranklin
50%
INJohnsonFranklin
50%
TXRobertsonFranklin
50%
PAVenangoFranklin
50%
GAHeardFranklin
50%
ARPhillipsHelena
50%
MTLewis and ClarkHelena
50%
INMarionIndianapolis
50%
ARPulaskiLittle Rock
50%
INVermillionNewport
50%
TNCockeNewport
50%
RINewportNewport
50%
WAPend OreilleNewport
50%
NHSullivanNewport
50%
ORLincolnNewport
50%
ARJacksonNewport
50%
VTOrangeNewport
50%
RIProvidenceProvidence
50%
MSSmithRaleigh
50%
NCWakeRaleigh
50%
GAChathamSavannah
50%
MOAndrewSavannah
50%
TNHardinSavannah
50%
SDMinnehahaSioux Falls
50%
WASpokaneSpokane
50%
IATamaToledo
50%
OHLucasToledo
50%
ILCumberlandToledo
50%
MTYellowstoneBillings
49%
NYKingsBrooklyn
49%
KYEdmonsonBrownsville
49%
TNHaywoodBrownsville
49%
TXCameronBrownsville
49%
ARMadisonHuntsville
49%
ALMadisonHuntsville
49%
MORandolphHuntsville
49%
TXWalkerHuntsville
49%
TNScottHuntsville
49%
FLLeonTallahassee
49%
FLGilchristTrenton
49%
NEHitchcockTrenton
49%
TNGibsonTrenton
49%
NJMercerTrenton
49%
MOGrundyTrenton
49%
GADadeTrenton
49%
NCJonesTrenton
49%
MTFallonBaker
48%
NYBronxBronx
48%
INStarkeKnox
48%
NJEssexNewark
48%
OHLickingNewark
48%
CARiversideRiverside
48%
LACaddoShreveport
48%
NYOnondagaSyracuse
48%
KSHamiltonSyracuse
48%
KSShawneeTopeka
48%
MNNormanAda
47%
OKPontotocAda
47%
VAArlingtonArlington
47%
TXNuecesCorpus Christi
47%
MNSt. LouisDuluth
47%
GAFayetteFayetteville
47%
ARWashingtonFayetteville
47%
NCCumberlandFayetteville
47%
TNLincolnFayetteville
47%
WVFayetteFayetteville
47%
FLBrowardFort Lauderdale
47%
ORLaneEugene
46%
NDCassFargo
46%
NEPerkinsGrant
46%
TXWebbLaredo
46%
CTNew HavenNew Haven
46%
CASanta BarbaraSanta Barbara
46%
MAWorcesterWorcester
46%
NEYorkYork
46%
SCYorkYork
46%
PAYorkYork
46%
CAKernBakersfield
45%
ARSalineBenton
45%
ILFranklinBenton
45%
MOScottBenton
45%
TNPolkBenton
45%
KYMarshallBenton
45%
LABossierBenton
45%
AZCoconinoFlagstaff
45%
MNItascaGrand Rapids
45%
MIKentGrand Rapids
45%
WIBrownGreen Bay
45%
ARBooneHarrison
45%
MIClareHarrison
45%
NESiouxHarrison
45%
GACrawfordKnoxville
45%
IAMarionKnoxville
45%
TNKnoxKnoxville
45%
TNCoffeeManchester
45%
IADelawareManchester
45%
KYClayManchester
45%
MIMidlandMidland
45%
TXMidlandMidland
45%
UTMorganMorgan
45%
GACalhounMorgan
45%
WAThurstonOlympia
45%
UTUtahProvo
45%
VAVirginia BeachVirginia Beach
45%
AZYumaYuma
45%
TXGalvestonGalveston
44%
NHCoosLancaster
44%
PALancasterLancaster
44%
OHFairfieldLancaster
44%
VALancasterLancaster
44%
MOSchuylerLancaster
44%
WIGrantLancaster
44%
KYGarrardLancaster
44%
SCLancasterLancaster
44%
NMDoña AnaLas Cruces
44%
MOMaconMacon
44%
GABibbMacon
44%
MSNoxubeeMacon
44%
VANorfolkNorfolk
44%
SDHughesPierre
44%
IAWoodburySioux City
44%
MNNicolletSt. Peter
44%
NJCamdenCamden
43%
AROuachitaCamden
43%
SCKershawCamden
43%
TNBentonCamden
43%
ALWilcoxCamden
43%
NCCamdenCamden
43%
NCDurhamDurham
43%
GAHallGainesville
43%
TXCookeGainesville
43%
FLAlachuaGainesville
43%
MOOzarkGainesville
43%
NCGuilfordGreensboro
43%
GAGreeneGreensboro
43%
ALHaleGreensboro
43%
PALackawannaScranton
43%
TXSmithTyler
43%
MDAnne ArundelAnnapolis
42%
NEHamiltonAurora
42%
RIBristolBristol
42%
FLLibertyBristol
42%
VABristolBristol
42%
INAllenFort Wayne
42%
OKTillmanFrederick
42%
MDFrederickFrederick
42%
GAHarrisHamilton
42%
ALMarionHamilton
42%
OHButlerHamilton
42%
TXHamiltonHamilton
42%
MTRavalliHamilton
42%
FLEscambiaPensacola
42%
NYRichmondStaten Island
42%
WAPierceTacoma
42%
NEMorrillBridgeport
41%
CTFairfieldBridgeport
41%
CAMonoBridgeport
41%
NYSt. LawrenceCanton
41%
GACherokeeCanton
41%
SDLincolnCanton
41%
OHStarkCanton
41%
MSMadisonCanton
41%
TXVan ZandtCanton
41%
WYNatronaCasper
41%
WVClayClay
41%
TNAndersonClinton
41%
ARVan BurenClinton
41%
KYHickmanClinton
41%
IAClintonClinton
41%
NCSampsonClinton
41%
LAEast FelicianaClinton
41%
ILDe WittClinton
41%
MOHenryClinton
41%
COLarimerFort Collins
41%
KSDouglasLawrence
41%
AKNomeNome
41%
PAAlleghenyPittsburgh
41%
ALTuscaloosaTuscaloosa
41%
TXMcLennanWaco
41%
MIWashtenawAnn Arbor
40%
NCBuncombeAsheville
40%
TNHamiltonChattanooga
40%
INAdamsDecatur
40%
GADeKalbDecatur
40%
ALMorganDecatur
40%
MSNewtonDecatur
40%
TXWiseDecatur
40%
ILMaconDecatur
40%
TNMeigsDecatur
40%
CAHumboldtEureka
40%
ILWoodfordEureka
40%
KSGreenwoodEureka
40%
NVEurekaEureka
40%
HIHawaiiHilo
40%
WIKenoshaKenosha
40%
TXHarrisonMarshall
40%
NCMadisonMarshall
40%
MOSalineMarshall
40%
ARSearcyMarshall
40%
ILClarkMarshall
40%
MICalhounMarshall
40%
MNLyonMarshall
40%
ILPeoriaPeoria
40%
COPuebloPueblo
40%
PAWarrenWarren
40%
MNMarshallWarren
40%
ARBradleyWarren
40%
OHTrumbullWarren
40%
PALehighAllentown
39%
IACassAtlantic
39%
MEPenobscotBangor
39%
NEBoydButte
39%
MTSilver BowButte
39%
MDDorchesterCambridge
39%
ILHenryCambridge
39%
MNIsantiCambridge
39%
OHGuernseyCambridge
39%
MIGeneseeFlint
39%
WIFlorenceFlorence
39%
ALLauderdaleFlorence
39%
AZPinalFlorence
39%
SCFlorenceFlorence
39%
IAJohnsonIowa City
39%
MTMissoulaMissoula
39%
NCCatawbaNewton
39%
IAJasperNewton
39%
KSHarveyNewton
39%
GABakerNewton
39%
TXNewtonNewton
39%
ILJasperNewton
39%
NJSussexNewton
39%
TXEctorOdessa
39%
UTWeberOgden
39%
IDBear LakeParis
39%
TXLamarParis
39%
ILEdgarParis
39%
KYBourbonParis
39%
MEOxfordParis
39%
TNHenryParis
39%
MOMonroeParis
39%
VARoanokeRoanoke
39%
ORDeschutesBend
38%
TXDentonDenton
38%
MDCarolineDenton
38%
COClear CreekGeorgetown
38%
SCGeorgetownGeorgetown
38%
OHBrownGeorgetown
38%
DESussexGeorgetown
38%
GAQuitmanGeorgetown
38%
KYScottGeorgetown
38%
TXWilliamsonGeorgetown
38%
COMesaGrand Junction
38%
IDBonnevilleIdaho Falls
38%
MIChippewaSault Ste. Marie
38%
INSt. JosephSouth Bend
38%
WAPacificSouth Bend
38%
PABeaverBeaver
37%
UTBeaverBeaver
37%
OKBeaverBeaver
37%
SCChesterChester
37%
ILRandolphChester
37%
MTLibertyChester
37%
INVanderburghEvansville
37%
INClintonFrankfort
37%
KYFranklinFrankfort
37%
OHHockingLogan
37%
UTCacheLogan
37%
WVLoganLogan
37%
IAHarrisonLogan
37%
VTGrand IsleMontpelier
37%
WVMonongaliaMorgantown
37%
KYButlerMorgantown
37%
ALCoosaRockford
37%
ILWinnebagoRockford
37%
COCostillaSan Luis
37%
SCAndersonAnderson
36%
TXGrimesAnderson
36%
INMadisonAnderson
36%
MTGallatinBozeman
36%
IALinnCedar Rapids
36%
NJUnionElizabeth
36%
WVWirtElizabeth
36%
NVElkoElko
36%
CASolanoFairfield
36%
IDCamasFairfield
36%
IAJeffersonFairfield
36%
TXFreestoneFairfield
36%
ILWayneFairfield
36%
KYHendersonHenderson
36%
TXRuskHenderson
36%
NCVanceHenderson
36%
TNChesterHenderson
36%
INHuntingtonHuntington
36%
WVCabellHuntington
36%
MOColeJefferson City
36%
NJHudsonJersey City
36%
IDNez PerceLewiston
36%
WVMonroeUnion
36%
MOFranklinUnion
36%
SCUnionUnion
36%
WAClarkVancouver
36%
KSDickinsonAbilene
35%
TXTaylorAbilene
35%
CAPlacerAuburn
35%
NYCayugaAuburn
35%
NENemahaAuburn
35%
INDeKalbAuburn
35%
MEAndroscogginAuburn
35%
VACharlottesvilleCharlottesville
35%
VAAlbemarleCharlottesville
35%
VAChesapeakeChesapeake
35%
IAScottDavenport
35%
WALincolnDavenport
35%
WIEau ClaireEau Claire
35%
WYAlbanyLaramie
35%
KYCrittendenMarion
35%
ALPerryMarion
35%
ILWilliamsonMarion
35%
SCMarionMarion
35%
KSMarionMarion
35%
VASmythMarion
35%
ARCrittendenMarion
35%
INGrantMarion
35%
OHMarionMarion
35%
NCMcDowellMarion
35%
MIMarquetteMarquette
35%
SDBennettMartin
35%
OKClevelandNorman
35%
MOBuchananSaint Joseph
35%
CAOrangeSanta Ana
35%
NMGuadalupeSanta Rosa
35%
CASonomaSanta Rosa
35%
GAHancockSparta
35%
WIMonroeSparta
35%
TNWhiteSparta
35%
NCAlleghanySparta
35%
MIBerrienSt. Joseph
35%
LATensasSt. Joseph
35%
KSRooksStockton
35%
CASan JoaquinStockton
35%
MOCedarStockton
35%
NYOneidaUtica
35%
WVWayneWayne
35%
NEWayneWayne
35%
WAYakimaYakima
35%
ILMcLeanBloomington
34%
INMonroeBloomington
34%
NDGrand ForksGrand Forks
34%
MIKalamazooKalamazoo
34%
TXMasonMason
34%
MIInghamMason
34%
INMarshallPlymouth
34%
NCWashingtonPlymouth
34%
OHSciotoPortsmouth
34%
VAPortsmouthPortsmouth
34%
SDPenningtonRapid City
34%
CAShastaRedding
34%
CASanta CruzSanta Cruz
34%
FLSarasotaSarasota
34%
TXJeffersonBeaumont
33%
IDKootenaiCoeur d'Alene
33%
VACovingtonCovington
33%
TNTiptonCovington
33%
VAAlleghanyCovington
33%
INFountainCovington
33%
GANewtonCovington
33%
LASt. TammanyCovington
33%
IADubuqueDubuque
33%
VAHamptonHampton
33%
ARCalhounHampton
33%
IAFranklinHampton
33%
SCHamptonHampton
33%
MOJeffersonHillsboro
33%
ILMontgomeryHillsboro
33%
ORWashingtonHillsboro
33%
TXHillHillsboro
33%
OHHighlandHillsboro
33%
NDTraillHillsboro
33%
KSStantonJohnson City
33%
TXBlancoJohnson City
33%
NMLos AlamosLos Alamos
33%
GAFloydRome
33%
NMChavesRoswell
33%
WAWalla WallaWalla Walla
33%
WVOhioWheeling
33%
OHMahoningYoungstown
33%
KSClarkAshland
32%
ALClayAshland
32%
MSBentonAshland
32%
OHAshlandAshland
32%
WIAshlandAshland
32%
MIBayBay City
32%
TXMatagordaBay City
32%
WAWhatcomBellingham
32%
COEagleEagle
32%
FLLeeFort Myers
32%
NEGreeleyGreeley
32%
COWeldGreeley
32%
MIGratiotIthaca
32%
NYTompkinsIthaca
32%
LACalcasieuLake Charles
32%
TXFranklinMount Vernon
32%
GAMontgomeryMount Vernon
32%
OHKnoxMount Vernon
32%
MOLawrenceMount Vernon
32%
INPoseyMount Vernon
32%
KYRockcastleMount Vernon
32%
WASkagitMount Vernon
32%
ILJeffersonMount Vernon
32%
AZLa PazParker
32%
SDTurnerParker
32%
FLTaylorPerry
32%
OKNoblePerry
32%
IDBannockPocatello
32%
WIRacineRacine
32%
CASan Luis ObispoSan Luis Obispo
32%
AKSitkaSitka
32%
ARMillerTexarkana
32%
IDTwin FallsTwin Falls
32%
CAVenturaVentura
32%
FLPalm BeachWest Palm Beach
32%
MOPikeBowling Green
31%
VACarolineBowling Green
31%
KYWarrenBowling Green
31%
OHWoodBowling Green
31%
ARJohnsonClarksville
31%
TXRed RiverClarksville
31%
TNMontgomeryClarksville
31%
FLPinellasClearwater
31%
KSFordDodge City
31%
VAGraysonIndependence
31%
IABuchananIndependence
31%
MOJacksonIndependence
31%
KSMontgomeryIndependence
31%
CAInyoIndependence
31%
FLHamiltonJasper
31%
TXJasperJasper
31%
ALWalkerJasper
31%
INDuboisJasper
31%
ARNewtonJasper
31%
GAPickensJasper
31%
TNMarionJasper
31%
VAHighlandMonterey
31%
CANapaNapa
31%
MORallsNew London
31%
CTNew LondonNew London
31%
VANewport NewsNewport News
31%
NCGranvilleOxford
31%
MSLafayetteOxford
31%
KSSalineSalina
31%
VASuffolkSuffolk
31%
AKNorth SlopeUtqiagvik
31%
VAWilliamsburgWilliamsburg
31%
KYWhitleyWilliamsburg
31%
VAJames CityWilliamsburg
31%
TNCrockettAlamo
30%
GAWheelerAlamo
30%
COPitkinAspen
30%
NMUnionClayton
30%
ALBarbourClayton
30%
GARabunClayton
30%
MOSt. LouisClayton
30%
NEDodgeFremont
30%
OHSanduskyFremont
30%
GAClaytonJonesboro
30%
LAJacksonJonesboro
30%
ILUnionJonesboro
30%
ORJacksonMedford
30%
OKGrantMedford
30%
WITaylorMedford
30%
MSLauderdaleMeridian
30%
TXBosqueMeridian
30%
MANantucketNantucket
30%
INPikePetersburg
30%
ILMenardPetersburg
30%
AKPetersburgPetersburg
30%
WVGrantPetersburg
30%
VAPetersburgPetersburg
30%
CAPlumasQuincy
30%
FLGadsdenQuincy
30%
ILAdamsQuincy
30%
SCSpartanburgSpartanburg
30%
NMTaosTaos
30%
WIOutagamieAppleton
29%
WYConverseDouglas
29%
GACoffeeDouglas
29%
NVWhite PineEly
29%
VAFairfaxFairfax
29%
VAFairfaxFairfax
29%
UTDavisFarmington
29%
MOSt. FrancoisFarmington
29%
MEFranklinFarmington
29%
VAFredericksburgFredericksburg
29%
TXGillespieFredericksburg
29%
MTCascadeGreat Falls
29%
TNMooreLynchburg
29%
VALynchburgLynchburg
29%
IDLatahMoscow
29%
FLBayPanama City
29%
PABerksReading
29%
MISaginawSaginaw
29%
NELoupTaylor
29%
ALPikeTroy
29%
KSDoniphanTroy
29%
NYRensselaerTroy
29%
MOLincolnTroy
29%
OHMiamiTroy
29%
NCMontgomeryTroy
29%
TXVictoriaVictoria
29%
VAFrederickWinchester
29%
TNFranklinWinchester
29%
KYClarkWinchester
29%
INRandolphWinchester
29%
ILScottWinchester
29%
VAWinchesterWinchester
29%
AKBethelBethel
28%
NYBroomeBinghamton
28%
TXHidalgoEdinburg
28%
VAHarrisonburgHarrisonburg
28%
LACatahoulaHarrisonburg
28%
VARockinghamHarrisonburg
28%
AKKodiak IslandKodiak
28%
KSRushLa Crosse
28%
WILa CrosseLa Crosse
28%
KYCaseyLiberty
28%
INUnionLiberty
28%
TXLibertyLiberty
28%
MOClayLiberty
28%
MSAmiteLiberty
28%
TNOvertonLivingston
28%
TXPolkLivingston
28%
ALSumterLivingston
28%
LALivingstonLivingston
28%
MTParkLivingston
28%
OHMadisonLondon
28%
KYLaurelLondon
28%
NDWardMinot
28%
ILGrundyMorris
28%
MNStevensMorris
28%
MSMonroeAberdeen
27%
SDBrownAberdeen
27%
PABedfordBedford
27%
KYTrimbleBedford
27%
IATaylorBedford
27%
INLawrenceBedford
27%
VABedfordBedford
27%
ARBentonBentonville
27%
NEHallGrand Island
27%
ARGarlandHot Springs
27%
SDFall RiverHot Springs
27%
SDOglala LakotaHot Springs
27%
ILWillJoliet
27%
PALebanonLebanon
27%
VARussellLebanon
27%
TNWilsonLebanon
27%
MOLacledeLebanon
27%
OHWarrenLebanon
27%
KYMarionLebanon
27%
INBooneLebanon
27%
NJPassaicPaterson
27%
ARNevadaPrescott
27%
AZYavapaiPrescott
27%
WISheboyganSheboygan
27%
MTTooleShelby
27%
NCClevelandShelby
27%
WYSheridanSheridan
27%
ARGrantSheridan
27%
MNStearnsSt. Cloud
27%
NYSenecaWaterloo
27%
ILMonroeWaterloo
27%
IABlack HawkWaterloo
27%
COBroomfieldBroomfield
26%
OHWilliamsBryan
26%
TXBrazosBryan
26%
ALChoctawButler
26%
GATaylorButler
26%
PAButlerButler
26%
MOBatesButler
26%
IDCanyonCaldwell
26%
TXBurlesonCaldwell
26%
OHNobleCaldwell
26%
OKAlfalfaCherokee
26%
IACherokeeCherokee
26%
ILVermilionDanville
26%
INHendricksDanville
26%
VADanvilleDanville
26%
KYBoyleDanville
26%
PAMontourDanville
26%
COJeffersonGolden
26%
NMCibolaGrants
26%
TNFentressJamestown
26%
KYRussellJamestown
26%
NDStutsmanJamestown
26%
AKKetchikan GatewayKetchikan
26%
TNRoaneKingston
26%
MOCaldwellKingston
26%
NYUlsterKingston
26%
CAMercedMerced
26%
CAStanislausModesto
26%
KSStaffordSaint John
26%
TXGraysonSherman
26%
COLoganSterling
26%
AZApacheSt. Johns
26%
MIClintonSt. Johns
26%
MIGrand TraverseTraverse City
26%
PALuzerneWilkes-Barre
26%
OHCarrollCarrollton
25%
ALPickensCarrollton
25%
GACarrollCarrollton
25%
MOCarrollCarrollton
25%
KYCarrollCarrollton
25%
ILGreeneCarrollton
25%
WYParkCody
25%
VACumberlandCumberland
25%
MDAlleganyCumberland
25%
COLa PlataDurango
25%
WASnohomishEverett
25%
TXYoungGraham
25%
NCAlamanceGraham
25%
MSForrestHattiesburg
25%
TXTitusMount Pleasant
25%
IAHenryMount Pleasant
25%
KYMcCrackenPaducah
25%
TXCottlePaducah
25%
NYDutchessPoughkeepsie
25%
ILBureauPrinceton
25%
WVMercerPrinceton
25%
INGibsonPrinceton
25%
KYCaldwellPrinceton
25%
MOMercerPrinceton
25%
MOCarterVan Buren
25%
ARCrawfordVan Buren
25%
IACarrollCarroll
24%
ARFaulknerConway
24%
SCHorryConway
24%
TXDeltaCooper
24%
WYUintaEvanston
24%
NMMcKinleyGallup
24%
WYCampbellGillette
24%
GAJonesGray
24%
NYColumbiaHudson
24%
WISt. CroixHudson
24%
TXCollinMcKinney
24%
COMontroseMontrose
24%
PASusquehannaMontrose
24%
FLMarionOcala
24%
KSJohnsonOlathe
24%
WIWinnebagoOshkosh
24%
NEGardenOshkosh
24%
WVPleasantsSaint Marys
24%
CAMontereySalinas
24%
TXTom GreenSan Angelo
24%
WIDouglasSuperior
24%
MTMineralSuperior
24%
INVigoTerre Haute
24%
ALLamarVernon
24%
INJenningsVernon
24%
TXWilbargerVernon
24%
NCWilsonWilson
24%
IABooneBoone
23%
NCWataugaBoone
23%
GAGlynnBrunswick
23%
TXShelbyCenter
23%
NEKnoxCenter
23%
NDOliverCenter
23%
IDAdamsCouncil
23%
IAHardinEldora
23%
KSMortonElkhart
23%
MSItawambaFulton
23%
MOCallawayFulton
23%
MDWashingtonHagerstown
23%
SDBeadleHuron
23%
MOBartonLamar
23%
COProwersLamar
23%
OHAllenLima
23%
MIMuskegonMuskegon
23%
ILRock IslandRock Island
23%
MOSt. CharlesSaint Charles
23%
MDWicomicoSalisbury
23%
NCRowanSalisbury
23%
MISanilacSandusky
23%
OHErieSandusky
23%
NYSchenectadySchenectady
23%
AKSkagwaySkagway
23%
FLSt. JohnsSt. Augustine
23%
ILChampaignUrbana
23%
OHChampaignUrbana
23%
WIWaukeshaWaukesha
23%
TXStephensBreckenridge
22%
COSummitBreckenridge
22%
MNWilkinBreckenridge
22%
LACameronCameron
22%
TXMilamCameron
22%
ORBentonCorvallis
22%
CODeltaDelta
22%
SCGreenwoodGreenwood
22%
MSLefloreGreenwood
22%
GALanierLakeland
22%
UTGrandMoab
22%
IAStoryNevada
22%
MOVernonNevada
22%
PALawrenceNew Castle
22%
VACraigNew Castle
22%
KYHenryNew Castle
22%
WYWestonNewcastle
22%
INHenryNew Castle
22%
KSLabetteOswego
22%
NYOswegoOswego
22%
ILLaSalleOttawa
22%
OHPutnamOttawa
22%
KSFranklinOttawa
22%
TXEdwardsRocksprings
22%
CTTollandRockville
22%
MDMontgomeryRockville
22%
INParkeRockville
22%
VTRutlandRutland
22%
TXHaysSan Marcos
22%
SCSumterSumter
22%
GABurkeWaynesboro
22%
TNWayneWaynesboro
22%
MSWayneWaynesboro
22%
VAWaynesboroWaynesboro
22%
NYWestchesterWhite Plains
22%
SDCusterCuster
21%
TXVal VerdeDel Rio
21%
VAFloydFloyd
21%
PAAdamsGettysburg
21%
SDPotterGettysburg
21%
VAGloucesterGloucester
21%
VAHanoverHanover
21%
ILCalhounHardin
21%
MTBig HornHardin
21%
TXWallerHempstead
21%
MTFlatheadKalispell
21%
MAHampshireNorthampton
21%
WVWoodParkersburg
21%
WAClallamPort Angeles
21%
MOAtchisonRock Port
21%
INSpencerRockport
21%
TXAransasRockport
21%
NMSierraTruth or Consequences
21%
MSLeeTupelo
21%
COAlamosaAlamosa
20%
TXBrewsterAlpine
20%
KYMcLeanCalhoun
20%
GAGordonCalhoun
20%
IAPottawattamieCouncil Bluffs
20%
COMoffatCraig
20%
MSKemperDe Kalb
20%
NDStarkDickinson
20%
ARUnionEl Dorado
20%
KSButlerEl Dorado
20%
TXSchleicherEldorado
20%
TXGlasscockGarden City
20%
KSFinneyGarden City
20%
MIHoughtonHoughton
20%
KSKingmanKingman
20%
AZMohaveKingman
20%
ORKlamathKlamath Falls
20%
OKComancheLawton
20%
VAPrince WilliamManassas
20%
VAManassasManassas
20%
LADe SotoMansfield
20%
OHRichlandMansfield
20%
OKLoveMarietta
20%
OHWashingtonMarietta
20%
GACobbMarietta
20%
ARPikeMurfreesboro
20%
TNRutherfordMurfreesboro
20%
TXComalNew Braunfels
20%
TXReevesPecos
20%
MIOaklandPontiac
20%
ILLivingstonPontiac
20%
KSRussellRussell
20%
TXGainesSeminole
20%
PASomersetSomerset
20%
KYPulaskiSomerset
20%
VASussexSussex
20%
TXUvaldeUvalde
20%
NYJeffersonWatertown
20%
SDCodingtonWatertown
20%
ILLakeWaukegan
20%
PAChesterWest Chester
20%
TXWheelerWheeler
20%
ORClatsopAstoria
19%
COAdamsBrighton
19%
ILAlexanderCairo
19%
GAGradyCairo
19%
NMEddyCarlsbad
19%
OHDelawareDelaware
19%
NYChemungElmira
19%
COGunnisonGunnison
19%
WIRockJanesville
19%
NYFultonJohnstown
19%
KYOldhamLa Grange
19%
INLaGrangeLaGrange
19%
GATroupLaGrange
19%
TXFayetteLa Grange
19%
GALeeLeesburg
19%
VALoudounLeesburg
19%
TXGreggLongview
19%
TXPresidioMarfa
19%
VAMartinsvilleMartinsville
19%
INMorganMartinsville
19%
VAHenryMartinsville
19%
PAMercerMercer
19%
MNKanabecMora
19%
NMMoraMora
19%
MOHoltOregon
19%
ILOgleOregon
19%
KYDaviessOwensboro
19%
MABerkshirePittsfield
19%
ILPikePittsfield
19%
TXRockwallRockwall
19%
ALDallasSelma
19%
CATulareVisalia
19%
SDDayWebster
19%
NDWilliamsWilliston
19%
NMOteroAlamogordo
18%
TXAndrewsAndrews
18%
ILSt. ClairBelleville
18%
KSRepublicBelleville
18%
TXRandallCanyon
18%
NCMooreCarthage
18%
MSLeakeCarthage
18%
MOJasperCarthage
18%
ILHancockCarthage
18%
TXPanolaCarthage
18%
TNSmithCarthage
18%
VAChesterfieldChesterfield
18%
SCChesterfieldChesterfield
18%
TXComancheComanche
18%
PANorthamptonEaston
18%
MDTalbotEaston
18%
VAGreensvilleEmporia
18%
VAEmporiaEmporia
18%
KSLyonEmporia
18%
OKGarfieldEnid
18%
WIFond du LacFond du Lac
18%
ALGenevaGeneva
18%
NEFillmoreGeneva
18%
ILKaneGeneva
18%
AKHainesHaines
18%
TXDeaf SmithHereford
18%
ARHempsteadHope
18%
MNKoochichingInternational Falls
18%
NEBuffaloKearney
18%
COElbertKiowa
18%
FLOsceolaKissimmee
18%
MIMissaukeeLake City
18%
COHinsdaleLake City
18%
FLColumbiaLake City
18%
KSMarshallMarysville
18%
CAYubaMarysville
18%
OHUnionMarysville
18%
SDDavisonMitchell
18%
TNHamblenMorristown
18%
NJMorrisMorristown
18%
TXCochranMorton
18%
INDelawareMuncie
18%
TXNacogdochesNacogdoches
18%
AZSanta CruzNogales
18%
VANortonNorton
18%
KSNortonNorton
18%
SCOrangeburgOrangeburg
18%
WAFranklinPasco
18%
NEPiercePierce
18%
ARJeffersonPine Bluff
18%
NEStantonStanton
18%
TXMartinStanton
18%
KYPowellStanton
18%
MIMontcalmStanton
18%
NDMercerStanton
18%
VAAugustaStaunton
18%
VAStauntonStaunton
18%
OKPayneStillwater
18%
MNWashingtonStillwater
18%
MSWarrenVicksburg
18%
WIMarathonWausau
18%
AKWrangellWrangell
18%
MILakeBaldwin
17%
MESagadahocBath
17%
NYSteubenBath
17%
SCBeaufortBeaufort
17%
NCCarteretBeaufort
17%
SDBrookingsBrookings
17%
TXDonleyClarendon
17%
ARMonroeClarendon
17%
CAImperialEl Centro
17%
VAFalls ChurchFalls Church
17%
MNPopeGlenwood
17%
IAMillsGlenwood
17%
NYOrangeGoshen
17%
INElkhartGoshen
17%
KYEstillIrvine
17%
ILKankakeeKankakee
17%
KSLeavenworthLeavenworth
17%
TXAngelinaLufkin
17%
CAMaderaMadera
17%
KSJewellMankato
17%
MNBlue EarthMankato
17%
ARIzardMelbourne
17%
MIMenomineeMenominee
17%
SDHandMiller
17%
MOClintonPlattsburg
17%
MISt. ClairPort Huron
17%
TNGilesPulaski
17%
VAPulaskiPulaski
17%
GALowndesValdosta
17%
MNCassWalker
17%
MDCarrollWestminster
17%
CASiskiyouYreka
17%
CASutterYuba City
17%
ALHenryAbbeville
16%
SCAbbevilleAbbeville
16%
GAWilcoxAbbeville
16%
LAVermilionAbbeville
16%
SCAikenAiken
16%
MABarnstableBarnstable
16%
MITuscolaCaro
16%
IAAppanooseCenterville
16%
TNHickmanCenterville
16%
TXLeonCenterville
16%
MOReynoldsCenterville
16%
MICheboyganCheboygan
16%
NMCurryClovis
16%
LAGrantColfax
16%
WAWhitmanColfax
16%
AKDillinghamDillingham
16%
ALHoustonDothan
16%
INDecaturGreensburg
16%
PAWestmorelandGreensburg
16%
LASt. HelenaGreensburg
16%
KYGreenGreensburg
16%
KSKiowaGreensburg
16%
MIBarryHastings
16%
MNDakotaHastings
16%
NEAdamsHastings
16%
KSElkHoward
16%
SDMinerHoward
16%
KSRenoHutchinson
16%
CTLitchfieldLitchfield
16%
MNMeekerLitchfield
16%
COArapahoeLittleton
16%
ILMcDonoughMacomb
16%
TNMonroeMadisonville
16%
KYHopkinsMadisonville
16%
TXMadisonMadisonville
16%
OHMedinaMedina
16%
ARPolkMena
16%
MTCusterMiles City
16%
KYWayneMonticello
16%
FLJeffersonMonticello
16%
ARDrewMonticello
16%
UTSan JuanMonticello
16%
MOLewisMonticello
16%
MSLawrenceMonticello
16%
NYSullivanMonticello
16%
INWhiteMonticello
16%
GAJasperMonticello
16%
ILPiattMonticello
16%
OKMuskogeeMuskogee
16%
LANatchitochesNatchitoches
16%
COOurayOuray
16%
OKPawneePawnee
16%
WIColumbiaPortage
16%
MEKnoxRockland
16%
KSCheyenneSaint Francis
16%
TXSan SabaSan Saba
16%
NMSocorroSocorro
16%
CORouttSteamboat Springs
16%
ALTalladegaTalladega
16%
FLBrevardTitusville
16%
INWabashWabash
16%
MSMontgomeryWinona
16%
MNWinonaWinona
16%
NMSan JuanAztec
15%
GAHaralsonBuchanan
15%
GAMcIntoshBuena Vista
15%
VABuena VistaBuena Vista
15%
NEMerrickCentral City
15%
COGilpinCentral City
15%
TXDallamDalhart
15%
MTBeaverheadDillon
15%
SCDillonDillon
15%
GALaurensDublin
15%
KYHardinElizabethtown
15%
NCBladenElizabethtown
15%
NYEssexElizabethtown
15%
ILHardinElizabethtown
15%
MSScottForest
15%
VAGalaxGalax
15%
VAHalifaxHalifax
15%
NCHalifaxHalifax
15%
LATerrebonneHouma
15%
UTPiuteJunction
15%
TXKimbleJunction
15%
WYFremontLander
15%
HIKauaiLihue
15%
NELincolnNorth Platte
15%
MOChristianOzark
15%
ALDaleOzark
15%
ORUmatillaPendleton
15%
OKPottawatomieShawnee
15%
NMGrantSilver City
15%
VAStaffordStafford
15%
NVNyeTonopah
15%
MDBaltimoreTowson
15%
ORMalheurVale
15%
WVLewisWeston
15%
WVMingoWilliamson
15%
NVHumboldtWinnemucca
15%
TXZapataZapata
15%
VAAmherstAmherst
14%
MNAnokaAnoka
14%
WVRaleighBeckley
14%
MNBeltramiBemidji
14%
TXBurnetBurnet
14%
TXJohnsonCleburne
14%
TXMitchellColorado City
14%
TXMontgomeryConroe
14%
TXHoustonCrockett
14%
TXMaverickEagle Pass
14%
OHHancockFindlay
14%
COMorganFort Morgan
14%
TXPecosFort Stockton
14%
TXUpshurGilmer
14%
MTValleyGlasgow
14%
KYBarrenGlasgow
14%
TXGonzalesGonzales
14%
NDWalshGrafton
14%
WVTaylorGrafton
14%
MTHillHavre
14%
KSEllisHays
14%
TXKlebergKingsville
14%
INHowardKokomo
14%
WIManitowocManitowoc
14%
CAMariposaMariposa
14%
TXMenardMenard
14%
MNClayMoorhead
14%
MSAdamsNatchez
14%
FLOkeechobeeOkeechobee
14%
IAMitchellOsage
14%
SCPickensPickens
14%
GABrooksQuitman
14%
TXWoodQuitman
14%
MSClarkeQuitman
14%
UTRichRandolph
14%
TXSan AugustineSan Augustine
14%
FLSeminoleSanford
14%
NCLeeSanford
14%
KSNemahaSeneca
14%
NESewardSeward
14%
COSan JuanSilverton
14%
TXBriscoeSilverton
14%
NJSomersetSomerville
14%
TNFayetteSomerville
14%
INSullivanSullivan
14%
ILMoultrieSullivan
14%
TXNolanSweetwater
14%
ORTillamookTillamook
14%
TNObionUnion City
14%
SDClayVermillion
14%
TXWhartonWharton
14%
PALycomingWilliamsport
14%
INWarrenWilliamsport
14%
AKYakutatYakutat
14%
MIAlleganAllegan
13%
MIAlpenaAlpena
13%
VAAppomattoxAppomattox
13%
TXBrownBrownwood
13%
ORHarneyBurns
13%
TXHemphillCanadian
13%
COFremontCañon City
13%
NDGriggsCooperstown
13%
NYOtsegoCooperstown
13%
TXNavarroCorsicana
13%
SCDarlingtonDarlington
13%
WILafayetteDarlington
13%
TXDickensDickens
13%
OHLorainElyria
13%
UTMillardFillmore
13%
ALEtowahGadsden
13%
MAFranklinGreenfield
13%
MODadeGreenfield
13%
IAAdairGreenfield
13%
INHancockGreenfield
13%
OKLoganGuthrie
13%
TXKingGuthrie
13%
TXSabineHemphill
13%
MIHillsdaleHillsdale
13%
OKDelawareJay
13%
TXKaufmanKaufman
13%
TXKerrKerrville
13%
WIMarinetteMarinette
13%
WVBerkeleyMartinsburg
13%
TXLovingMentone
13%
TXMontagueMontague
13%
KYCallowayMurray
13%
NCCravenNew Bern
13%
NJMiddlesexNew Brunswick
13%
MOSt. ClairOsceola
13%
NEPolkOsceola
13%
IAClarkeOsceola
13%
WIPricePhillips
13%
TXYoakumPlains
13%
GAWebsterPreston
13%
IDFranklinPreston
13%
MNFillmorePreston
13%
CASan MateoRedwood City
13%
TXRefugioRefugio
13%
NCRichmondRockingham
13%
VAFranklinRocky Mount
13%
TXTerrellSanderson
13%
TXScurrySnyder
13%
TXErathStephenville
13%
COSan MiguelTelluride
13%
TXThrockmortonThrockmorton
13%
COLas AnimasTrinidad
13%
NMQuayTucumcari
13%
MTMadisonVirginia City
13%
NVStoreyVirginia City
13%
INKosciuskoWarsaw
13%
VARichmondWarsaw
13%
NYWyomingWarsaw
13%
MOBentonWarsaw
13%
KYGallatinWarsaw
13%
TXParkerWeatherford
13%
MNTraverseWheaton
13%
ILDuPageWheaton
13%
NCBertieWindsor
13%
OHMuskingumZanesville
13%
MNFreebornAlbert Lea
12%
TXBrazoriaAngleton
12%
TXJonesAnson
12%
FLDeSotoArcadia
12%
LABienvilleArcadia
12%
NEArthurArthur
12%
TXBeeBeeville
12%
KSMitchellBeloit
12%
TXBellBelton
12%
MNSwiftBenson
12%
FLManateeBradenton
12%
MNCrow WingBrainerd
12%
MOMoniteauCalifornia
12%
PACumberlandCarlisle
12%
KYNicholasCarlisle
12%
MNCarltonCarlton
12%
TXChildressChildress
12%
WVHarrisonClarksburg
12%
TXColemanColeman
12%
VAColonial HeightsColonial Heights
12%
IAAdamsCorning
12%
COMontezumaCortez
12%
NYCortlandCortland
12%
CADel NorteCrescent City
12%
NDDivideCrosby
12%
GATerrellDawson
12%
OHDefianceDefiance
12%
NMLunaDeming
12%
ILLeeDixon
12%
KYWebsterDixon
12%
TXMooreDumas
12%
TXEastlandEastland
12%
OHPrebleEaton
12%
WAKittitasEllensburg
12%
WIPierceEllsworth
12%
MEHancockEllsworth
12%
KSEllsworthEllsworth
12%
WVMarionFairmont
12%
MNMartinFairmont
12%
GAMonroeForsyth
12%
MOTaneyForsyth
12%
MTRosebudForsyth
12%
NCGastonGastonia
12%
MIOtsegoGaylord
12%
MNSibleyGaylord
12%
TXGoliadGoliad
12%
MNCookGrand Marais
12%
ORJosephineGrants Pass
12%
KYCarterGrayson
12%
WYSweetwaterGreen River
12%
IAShelbyHarlan
12%
KYHarlanHarlan
12%
TXHaskellHaskell
12%
WISawyerHayward
12%
NCHendersonHendersonville
12%
NYHerkimerHerkimer
12%
NCOrangeHillsborough
12%
LAClaiborneHomer
12%
GABanksHomer
12%
ORHood RiverHood River
12%
VAHopewellHopewell
12%
VTEssexHyde Park
12%
INClarkJeffersonville
12%
GATwiggsJeffersonville
12%
HIKalawaoKalawao
12%
TXWinklerKermit
12%
INLaPorteLaPorte
12%
PASullivanLaporte
12%
TXLlanoLlano
12%
NMHidalgoLordsburg
12%
KYLawrenceLouisa
12%
VALouisaLouisa
12%
TXFallsMarlin
12%
NEKearneyMinden
12%
NVDouglasMinden
12%
LAWebsterMinden
12%
ILWarrenMonmouth
12%
IAMuscatineMuscatine
12%
NENuckollsNelson
12%
OHHuronNorwalk
12%
TXAndersonPalestine
12%
KYPikePikeville
12%
TNBledsoePikeville
12%
VAPoquosonPoquoson
12%
VARadfordRadford
12%
TXUptonRankin
12%
MNRoseauRoseau
12%
TXCherokeeRusk
12%
LALincolnRuston
12%
KYShelbyShelbyville
12%
INShelbyShelbyville
12%
TNBedfordShelbyville
12%
ILShelbyShelbyville
12%
MOShelbyShelbyville
12%
CATuolumneSonora
12%
TXSuttonSonora
12%
IAClaySpencer
12%
INOwenSpencer
12%
TNVan BurenSpencer
12%
WVRoaneSpencer
12%
OHJeffersonSteubenville
12%
WIPortageStevens Point
12%
MNWatonwanSt. James
12%
WVBraxtonSutton
12%
VATazewellTazewell
12%
TNClaiborneTazewell
12%
ORWascoThe Dalles
12%
TXOldhamVega
12%
TXCollingsworthWellington
12%
KSSumnerWellington
12%
KSPottawatomieWestmoreland
12%
SDYanktonYankton
12%
VAYorkYorktown
12%
VAAccomackAccomac
11%
SCAllendaleAllendale
11%
TXBanderaBandera
11%
LAMorehouseBastrop
11%
TXBastropBastrop
11%
OHClermontBatavia
11%
NYGeneseeBatavia
11%
MEWaldoBelfast
11%
NYAlleganyBelmont
11%
TXKnoxBenjamin
11%
NMSandovalBernalillo
11%
TXHowardBig Spring
11%
MIWexfordCadillac
11%
CODouglasCastle Rock
11%
OKLincolnChandler
11%
WVJeffersonCharles Town
11%
MICharlevoixCharlevoix
11%
WIChippewaChippewa Falls
11%
KSGrayCimarron
11%
PAClarionClarion
11%
IAWrightClarion
11%
NCStokesDanbury
11%
ILEffinghamEffingham
11%
TXRainsEmory
11%
MIDeltaEscanaba
11%
TXJeff DavisFort Davis
11%
ILStephensonFreeport
11%
TXCoryellGatesville
11%
NCGatesGatesville
11%
COGarfieldGlenwood Springs
11%
VAHenricoHenrico
11%
IDBoiseIdaho City
11%
NEChaseImperial
11%
MIIoniaIonia
11%
OHLawrenceIronton
11%
MOIronIronton
11%
IDJeromeJerome
11%
NHCheshireKeene
11%
OHHardinKenton
11%
COBentLas Animas
11%
TNMarshallLewisburg
11%
PAUnionLewisburg
11%
WVGreenbrierLewisburg
11%
PAMifflinLewistown
11%
MTFergusLewistown
11%
ILFultonLewistown
11%
KSSewardLiberal
11%
MOOsageLinn
11%
TXLipscombLipscomb
11%
MIManisteeManistee
11%
IACerro GordoMason City
11%
CTMiddlesexMiddletown
11%
GAJenkinsMillen
11%
ILWhitesideMorrison
11%
MILuceNewberry
11%
SCNewberryNewberry
11%
MONew MadridNew Madrid
11%
AKMatanuska-SusitnaPalmer
11%
TXPalo PintoPalo Pinto
11%
TXGrayPampa
11%
OHPauldingPaulding
11%
TXHalePlainview
11%
TXGarzaPost
11%
WYCarbonRawlins
11%
WIOneidaRhinelander
11%
TXStarrRio Grande City
11%
COSaguacheSaguache
11%
IDBonnerSandpoint
11%
AKAleutians EastSand Point
11%
TXBaylorSeymour
11%
KYLincolnStanford
11%
MTJudith BasinStanford
11%
TXShermanStratford
11%
SDMeadeSturgis
11%
OKMurraySulphur
11%
VASurrySurry
11%
WYHot SpringsThermopolis
11%
GAThomasThomasville
11%
MNLakeTwo Harbors
11%
TXCulbersonVan Horn
11%
OHVan WertVan Wert
11%
ILJohnsonVienna
11%
MOMariesVienna
11%
GADoolyVienna
11%
VAFauquierWarrenton
11%
NCWarrenWarrenton
11%
GAWarrenWarrenton
11%
MOWarrenWarrenton
11%
TXEllisWaxahachie
11%
LAWinnWinnfield
11%
VAWiseWise
11%
VTWindsorWoodstock
11%
VAShenandoahWoodstock
11%
ILMcHenryWoodstock
11%
TXTylerWoodville
11%
MSWilkinsonWoodville
11%
MNAitkinAitkin
10%
TXJim WellsAlice
10%
MTDeer LodgeAnaconda
10%
TXArcherArcher City
10%
SCBambergBamberg
10%
WISaukBaraboo
10%
AZCochiseBisbee
10%
TXKinneyBrackettville
10%
MSRankinBrandon
10%
TXSan JacintoColdspring
10%
ALShelbyColumbiana
10%
TXCraneCrane
10%
TXZavalaCrystal City
10%
VACulpeperCulpeper
10%
GAWhitfieldDalton
10%
ILMadisonEdwardsville
10%
NCPasquotankElizabeth City
10%
KYToddElkton
10%
MDCecilElkton
10%
NVChurchillFallon
10%
MNRiceFaribault
10%
MNOtter TailFergus Falls
10%
VABuchananGrundy
10%
VAIsle of WightIsle of Wight
10%
AKKusilvakKusilvak
10%
TXLampasasLampasas
10%
MILapeerLapeer
10%
SCLaurensLaurens
10%
COLakeLeadville
10%
ARLafayetteLewisville
10%
ALMarengoLinden
10%
TNPerryLinden
10%
TXCassLinden
10%
NYNiagaraLockport
10%
NMLeaLovington
10%
PACrawfordMeadville
10%
MSFranklinMeadville
10%
FLSanta RosaMilton
10%
ALMonroeMonroeville
10%
IDElmoreMountain Home
10%
ARBaxterMountain Home
10%
TXBowieNew Boston
10%
LAIberiaNew Iberia
10%
NYChenangoNorwich
10%
TXCarsonPanhandle
10%
TXOchiltreePerryton
10%
INMiamiPeru
10%
LAIbervillePlaquemine
10%
NMRooseveltPortales
10%
TXCalhounPort Lavaca
10%
WIOzaukeePort Washington
10%
KSPrattPratt
10%
NMColfaxRaton
10%
TXWillacyRaymondville
10%
MOPhelpsRolla
10%
NDRoletteRolla
10%
MIRoscommonRoscommon
10%
TXKenedySarita
10%
TXHudspethSierra Blanca
10%
MSOktibbehaStarkville
10%
WIDoorSturgeon Bay
10%
TXHopkinsSulphur Springs
10%
UTTooeleTooele
10%
PAFayetteUniontown
10%
INPorterValparaiso
10%
UTUintahVernal
10%
IDShoshoneWallace
10%
MOPulaskiWaynesville
10%
NCHaywoodWaynesville
10%
KYGrantWilliamstown
10%
MNNoblesWorthington
10%
OHGreeneXenia
10%
MILenaweeAdrian
9%
NEHarlanAlma
9%
GABaconAlma
9%
KSWabaunseeAlma
9%
WIBuffaloAlma
9%
MOOregonAlton
9%
VAAmeliaAmelia
9%
TXChambersAnahuac
9%
WAAsotinAsotin
9%
KSAtchisonAtchison
9%
MIHuronBad Axe
9%
WIBarronBarron
9%
NVLanderBattle Mountain
9%
NDGolden ValleyBeach
9%
TXAustinBellville
9%
TXReaganBig Lake
9%
NEWashingtonBlair
9%
TXKendallBoerne
9%
TXMcCullochBrady
9%
TXWashingtonBrenham
9%
TXTerryBrownfield
9%
VABuckinghamBuckingham
9%
ALCherokeeCentre
9%
TXHartleyChanning
9%
IAFloydCharles City
9%
VACharles CityCharles City
9%
VAPittsylvaniaChatham
9%
PAClearfieldClearfield
9%
MIBranchColdwater
9%
KSComancheColdwater
9%
MNPolkCrookston
9%
TXCrosbyCrosbyton
9%
TXFoardCrowell
9%
LAAcadiaCrowley
9%
IAWinneshiekDecorah
9%
MTPowellDeer Lodge
9%
CORio GrandeDel Norte
9%
MNBeckerDetroit Lakes
9%
TXCastroDimmitt
9%
WIVilasEagle River
9%
MIKeweenawEagle River
9%
TXJacksonEdna
9%
TXBrooksFalfurrias
9%
TXFloydFloydada
9%
MNBentonFoley
9%
FLSt. LucieFort Pierce
9%
ILJo DaviessGalena
9%
MOStoneGalena
9%
ILKnoxGalesburg
9%
TXLeeGiddings
9%
MTDawsonGlendive
9%
TXHoodGranbury
9%
MIOttawaGrand Haven
9%
WIGreen LakeGreen Lake
9%
TXTrinityGroveton
9%
ARAshleyHamburg
9%
CAKingsHanford
9%
TXJim HoggHebbronville
9%
TXClayHenrietta
9%
TXMedinaHondo
9%
MIDickinsonIron Mountain
9%
TNCampbellJacksboro
9%
TXJackJacksboro
9%
LAJefferson DavisJennings
9%
VALeeJonesville
9%
MTGarfieldJordan
9%
TXKarnesKarnes City
9%
WIKewauneeKewaunee
9%
TXDawsonLamesa
9%
LAVernonLeesville
9%
IADecaturLeon
9%
TXHockleyLevelland
9%
TXCaldwellLockhart
9%
NMValenciaLos Lunas
9%
VAManassas ParkManassas Park
9%
IAMarshallMarshalltown
9%
SCMcCormickMcCormick
9%
MOAudrainMexico
9%
MOSullivanMilan
9%
PAPikeMilford
9%
TXWardMonahans
9%
OHHenryNapoleon
9%
NDLoganNapoleon
9%
LAAllenOberlin
9%
KSDecaturOberlin
9%
WIOcontoOconto
9%
LASt. LandryOpelousas
9%
IAWapelloOttumwa
9%
TXCrockettOzona
9%
TXConchoPaint Rock
9%
ALRussellPhenix City
9%
SDHaakonPhilip
9%
KYBellPineville
9%
WVWyomingPineville
9%
MOMcDonaldPineville
9%
MNPipestonePipestone
9%
UTCarbonPrice
9%
VAPrince GeorgePrince George
9%
FLCharlottePunta Gorda
9%
TXHardemanQuanah
9%
MNGoodhueRed Wing
9%
WVJacksonRipley
9%
MSTippahRipley
9%
TNLauderdaleRipley
9%
TXCokeRobert Lee
9%
ORDouglasRoseburg
9%
COChaffeeSalida
9%
CAMarinSan Rafael
9%
TXGuadalupeSeguin
9%
TNSevierSevierville
9%
WIShawanoShawano
9%
TXSterlingSterling City
9%
MIMackinacSt. Ignace
9%
GAChattoogaSummerville
9%
CALassenSusanville
9%
NCAlexanderTaylorsville
9%
KYSpencerTaylorsville
9%
MNPenningtonThief River Falls
9%
TXMcMullenTilden
9%
TXSwisherTulia
9%
MNWabashaWabasha
9%
MNWadenaWadena
9%
HIMauiWailuku
9%
MNWasecaWaseca
9%
WIBayfieldWashburn
9%
NDMcLeanWashburn
9%
WIWaupacaWaupaca
9%
CAYoloWoodland
9%
OKWoodwardWoodward
9%
VAWytheWytheville
9%
TXStonewallAspermont
8%
TXCallahanBaird
8%
TXRunnelsBallinger
8%
SCBarnwellBarnwell
8%
FLPolkBartow
8%
MNLake of the WoodsBaudette
8%
WIJacksonBlack River Falls
8%
INWellsBluffton
8%
OKCimarronBoise City
8%
TXFanninBonham
8%
IDBoundaryBonners Ferry
8%
TXDimmitCarrizo Springs
8%
MNChisagoCenter City
8%
PAFranklinChambersburg
8%
TXArmstrongClaude
8%
TNPutnamCookeville
8%
OHCoshoctonCoshocton
8%
TXLa SalleCotulla
8%
TXDeWittCuero
8%
GAForsythCumming
8%
TXMorrisDaingerfield
8%
FLVolusiaDeLand
8%
GADouglasDouglasville
8%
IDClarkDubois
8%
TXParmerFarwell
8%
TXWilsonFloresville
8%
TXBordenGail
8%
TNSumnerGallatin
8%
MODaviessGallatin
8%
TXLive OakGeorge West
8%
MIGladwinGladwin
8%
TXSomervellGlen Rose
8%
TXMillsGoldthwaite
8%
VAGoochlandGoochland
8%
TXLimestoneGroesbeck
8%
NJBergenHackensack
8%
TXLavacaHallettsville
8%
GALibertyHinesville
8%
AZNavajoHolbrook
8%
OKHarmonHollis
8%
COPhillipsHolyoke
8%
MILivingstonHowell
8%
PAHuntingdonHuntingdon
8%
TNCarrollHuntingdon
8%
TXKentJayton
8%
TXAtascosaJourdanton
8%
TXHardinKountze
8%
MDCharlesLa Plata
8%
TXRealLeakey
8%
MTLincolnLibby
8%
OHColumbianaLisbon
8%
NDRansomLisbon
8%
TXLambLittlefield
8%
MNRockLuverne
8%
ALCrenshawLuverne
8%
CAContra CostaMartinez
8%
TXMotleyMatador
8%
KSMcPhersonMcPherson
8%
KSMeadeMeade
8%
CORio BlancoMeeker
8%
WIDunnMenomonie
8%
TXIrionMertzon
8%
MIIsabellaMt. Pleasant
8%
TXBaileyMuleshoe
8%
MIAlgerMunising
8%
IDOwyheeMurphy
8%
NCCherokeeMurphy
8%
MNBrownNew Ulm
8%
WAOkanoganOkanogan
8%
MIOntonagonOntonagon
8%
ORClackamasOregon City
8%
COArchuletaPagosa Springs
8%
MIVan BurenPaw Paw
8%
TXFrioPearsall
8%
ARPerryPerryville
8%
MOPerryPerryville
8%
MIEmmetPetoskey
8%
NYClintonPlattsburgh
8%
WAFerryRepublic
8%
IDMadisonRexburg
8%
TXFisherRoby
8%
ARPopeRussellville
8%
KYLoganRussellville
8%
ALFranklinRussellville
8%
SCSaludaSaluda
8%
VAMiddlesexSaluda
8%
NEColfaxSchuyler
8%
MNScottShakopee
8%
TXSan PatricioSinton
8%
NCJohnstonSmithfield
8%
TXHansfordSpearman
8%
GABullochStatesboro
8%
MOSte. GenevieveSte. Genevieve
8%
WASkamaniaStevenson
8%
TXHutchinsonStinnett
8%
TXLynnTahoka
8%
LALafourcheThibodaux
8%
OHSenecaTiffin
8%
IACedarTipton
8%
INTiptonTipton
8%
NJOceanToms River
8%
CAMendocinoUkiah
8%
FLIndian RiverVero Beach
8%
COJacksonWalden
8%
WADouglasWaterville
8%
NCWilkesWilkesboro
8%
MNKandiyohiWillmar
8%
OHWayneWooster
8%
NEBox ButteAlliance
7%
INSteubenAngola
7%
OKCusterArapaho
7%
OKCarterArdmore
7%
ARDeshaArkansas City
7%
WVMorganBerkeley Springs
7%
VABlandBland
7%
INGreeneBloomfield
7%
IADavisBloomfield
7%
MOStoddardBloomfield
7%
MNFaribaultBlue Earth
7%
MOPolkBolivar
7%
TNHardemanBolivar
7%
NEBlaineBrewster
7%
SDGregoryBurke
7%
NMLincolnCarrizozo
7%
MNCarverChaska
7%
OHRossChillicothe
7%
MOLivingstonChillicothe
7%
MSCoahomaClarksdale
7%
AZGreenleeClifton
7%
KSThomasColby
7%
MSCovingtonCollins
7%
CAColusaColusa
7%
KSCloudConcordia
7%
COConejosConejos
7%
INMontgomeryCrawfordsville
7%
COTellerCripple Creek
7%
ALCullmanCullman
7%
MTGlacierCut Bank
7%
WIIowaDodgeville
7%
FLCollierEast Naples
7%
SCEdgefieldEdgefield
7%
WIWalworthElkhorn
7%
MNSherburneElk River
7%
LAUnionFarmerville
7%
FLNassauFernandina Beach
7%
NMDe BacaFort Sumner
7%
LAWashingtonFranklinton
7%
WASan JuanFriday Harbor
7%
NYLivingstonGeneseo
7%
GAGlascockGibson
7%
AZGilaGlobe
7%
MICrawfordGrayling
7%
TNGreeneGreeneville
7%
OKTexasGuymon
7%
IDBlaineHailey
7%
MNKittsonHallock
7%
MSDeSotoHernando
7%
CASan BenitoHollister
7%
IAWarrenIndianola
7%
MSSunflowerIndianola
7%
KSGearyJunction City
7%
MIKalkaskaKalkaska
7%
MOAdairKirksville
7%
COOteroLa Junta
7%
LAEast CarrollLake Providence
7%
VABrunswickLawrenceville
7%
GAGwinnettLawrenceville
7%
ILLawrenceLawrenceville
7%
IAPlymouthLe Mars
7%
NCCaldwellLenoir
7%
MNMorrisonLittle Falls
7%
TNLoudonLoudon
7%
MIMasonLudington
7%
VALunenburgLunenburg
7%
GAToombsLyons
7%
KSRiceLyons
7%
NYWayneLyons
7%
MNMahnomenMahnomen
7%
NDMortonMandan
7%
MISchoolcraftManistique
7%
IAIowaMarengo
7%
MSQuitmanMarks
7%
TNBlountMaryville
7%
MONodawayMaryville
7%
VAMathewsMathews
7%
WIJuneauMauston
7%
WILincolnMerrill
7%
KYRowanMorehead
7%
NCBurkeMorganton
7%
VANew KentNew Kent
7%
MNRenvilleOlivia
7%
MNSteeleOwatonna
7%
MNHubbardPark Rapids
7%
MSJacksonPascagoula
7%
MNPinePine City
7%
CATehamaRed Bluff
7%
MNRedwoodRedwood Falls
7%
INJasperRensselaer
7%
UTSevierRichfield
7%
ORColumbiaSaint Helens
7%
NYSchoharieSchoharie
7%
IDLincolnShoshone
7%
VTWashingtonSt. Albans
7%
NDMountrailStanley
7%
NMRio ArribaTierra Amarilla
7%
OKJohnstonTishomingo
7%
WYGoshenTorrington
7%
MOPutnamUnionville
7%
KYWoodfordVersailles
7%
INRipleyVersailles
7%
MOMorganVersailles
7%
WIVernonViroqua
7%
COHuerfanoWalsenburg
7%
OHFayetteWashington Court House
7%
WAChelanWenatchee
7%
WIWashingtonWest Bend
7%
WYPlatteWheatland
7%
NCYadkinYadkinville
7%
GASumterAmericus
6%
NCRandolphAsheboro
6%
NDMcIntoshAshley
6%
IAAudubonAudubon
6%
OKWashingtonBartlesville
6%
MSHancockBay Saint Louis
6%
MDHarfordBel Air
6%
MIGogebicBessemer
6%
MIMecostaBig Rapids
6%
IDBinghamBlackfoot
6%
PAColumbiaBloomsburg
6%
UTBox ElderBrigham City
6%
MSLincolnBrookhaven
6%
PAJeffersonBrookville
6%
INFranklinBrookville
6%
IDValleyCascade
6%
MICassCassopolis
6%
WICalumetChilton
6%
MTMcConeCircle
6%
NCCurrituckCurrituck
6%
LABeauregardDeRidder
6%
VADinwiddieDinwiddie
6%
LAAscensionDonaldsonville
6%
PABucksDoylestown
6%
UTDuchesneDuchesne
6%
MOKnoxEdina
6%
TNCarterElizabethton
6%
WVRandolphElkins
6%
IDGemEmmett
6%
ORWallowaEnterprise
6%
COParkFairplay
6%
ARSt. FrancisForrest City
6%
IAWebsterFort Dodge
6%
MNMcLeodGlencoe
6%
NCWayneGoldsboro
6%
IDGoodingGooding
6%
WVCalhounGrantsville
6%
MSGrenadaGrenada
6%
LAJeffersonGretna
6%
WVLincolnHamlin
6%
MOCassHarrisonville
6%
KYChristianHopkinsville
6%
COGrandHot Sulphur Springs
6%
COLincolnHugo
6%
OKChoctawHugo
6%
IAIdaIda Grove
6%
LALaSalleJena
6%
PACarbonJim Thorpe
6%
COSedgwickJulesburg
6%
UTKaneKanab
6%
VAKing GeorgeKing George
6%
VAKing WilliamKing William
6%
AKNorthwest ArcticKotzebue
6%
MNLe SueurLe Center
6%
GALincolnLincolnton
6%
NCLincolnLincolnton
6%
FLSuwanneeLive Oak
6%
NCRobesonLumberton
6%
LASabineMany
6%
LAAvoyellesMarksville
6%
MOWebsterMarshfield
6%
GAHenryMcDonough
6%
ORYamhillMcMinnville
6%
TNWarrenMcMinnville
6%
PADelawareMedia
6%
NDBillingsMedora
6%
MNMille LacsMilaca
6%
SDToddMission
6%
IAPoweshiekMontezuma
6%
NMHardingMosquero
6%
MIMacombMt. Clemens
6%
MONewtonNeosho
6%
CANevadaNevada City
6%
MSUnionNew Albany
6%
INFloydNew Albany
6%
IDLewisNezperce
6%
INHamiltonNoblesville
6%
PAMontgomeryNorristown
6%
VANottowayNottoway
6%
ALBlountOneonta
6%
ALLeeOpelika
6%
CAButteOroville
6%
FLPutnamPalatka
6%
MOMarionPalmyra
6%
VAFluvannaPalmyra
6%
IDPayettePayette
6%
CAEl DoradoPlacerville
6%
NEDixonPonca
6%
WAJeffersonPort Townsend
6%
PASchuylkillPottsville
6%
VAPowhatanPowhatan
6%
WICrawfordPrairie du Chien
6%
LARichlandRayville
6%
MNRed LakeRed Lake Falls
6%
NMCatronReserve
6%
WIRichlandRichland Center
6%
IASacSac City
6%
AZGrahamSafford
6%
KYAllenScottsville
6%
ARWhiteSearcy
6%
IAFremontSidney
6%
MTRichlandSidney
6%
OHShelbySidney
6%
NECheyenneSidney
6%
TNDeKalbSmithville
6%
AKKenai PeninsulaSoldotna
6%
VASpotsylvaniaSpotsylvania Courthouse
6%
PAMonroeStroudsburg
6%
WYCrookSundance
6%
ILDeKalbSycamore
6%
OKCherokeeTahlequah
6%
LAMadisonTallulah
6%
ALMaconTuskegee
6%
NDBarnesValley City
6%
LAConcordiaVidalia
6%
IABentonVinton
6%
NDRichlandWahpeton
6%
MIOgemawWest Branch
6%
WITrempealeauWhitehall
6%
MTWibauxWibaux
6%
WVPutnamWinfield
6%
KSCowleyWinfield
6%
SCFairfieldWinnsboro
6%
LAFranklinWinnsboro
6%
SDSanbornWoonsocket
6%
NCCaswellYanceyville
6%
MSYazooYazoo City
6%
ILEdwardsAlbion
5%
NYOrleansAlbion
5%
INNobleAlbion
5%
NEBooneAlbion
5%
CAModocAlturas
5%
IDPowerAmerican Falls
5%
LATangipahoaAmite City
5%
ALCalhounAnniston
5%
MNClearwaterBagley
5%
ORBakerBaker City
5%
ALBaldwinBay Minette
5%
NJWarrenBelvidere
5%
ILBooneBelvidere
5%
MIBenzieBeulah
5%
NDBowmanBowman
5%
NCTransylvaniaBrevard
5%
OHHarrisonCadiz
5%
KYTriggCadiz
5%
NJCape MayCape May Court House
5%
GABartowCartersville
5%
MOBarryCassville
5%
NDPembinaCavalier
5%
MISt. JosephCentreville
5%
MDQueen Anne'sCentreville
5%
ALBibbCentreville
5%
LASt. BernardChalmette
5%
VAMontgomeryChristiansburg
5%
SDDeuelClear Lake
5%
GAMillerColquitt
5%
LASt. JamesConvent
5%
LARed RiverCoushatta
5%
INLakeCrown Point
5%
GALumpkinDahlonega
5%
SDLawrenceDeadwood
5%
NYDelawareDelhi
5%
IACrawfordDenison
5%
NDRamseyDevils Lake
5%
WIPepinDurand
5%
TNDyerDyersburg
5%
LASt. John the BaptistEdgard
5%
MADukesEdgartown
5%
MNGrantElbow Lake
5%
NMTorranceEstancia
5%
WAKlickitatGoldendale
5%
NVEsmeraldaGoldfield
5%
MNYellow MedicineGranite Falls
5%
KYGreenupGreenup
5%
LASt. CharlesHahnville
5%
NCPerquimansHertford
5%
KYFultonHickman
5%
AKHoonah-AngoonHoonah-Angoon
5%
MEAroostookHoulton
5%
SDEdmundsIpswich
5%
VAKing and QueenKing and Queen
5%
WIRuskLadysmith
5%
ORLakeLakeview
5%
INCassLogansport
5%
ARLonokeLonoke
5%
NVPershingLovelock
5%
GAStewartLumpkin
5%
MSPikeMagnolia
5%
ARColumbiaMagnolia
5%
MODeKalbMaysville
5%
KYMasonMaysville
5%
OHVintonMcArthur
5%
NERed WillowMcCook
5%
SDCorsonMcIntosh
5%
OHHolmesMillersburg
5%
NYNassauMineola
5%
NCDavieMocksville
5%
MNChippewaMontevideo
5%
ARStoneMountain View
5%
SDJonesMurdo
5%
LAAssumptionNapoleonville
5%
GACowetaNewnan
5%
OHTuscarawasNew Philadelphia
5%
LAPointe CoupeeNew Roads
5%
LAWest CarrollOak Grove, West Carroll Parish
5%
OKOkmulgeeOkmulgee
5%
NEValleyOrd
5%
MNBig StoneOrtonville
5%
KSPhillipsPhillipsburg
5%
ARRandolphPocahontas
5%
IAPocahontasPocahontas
5%
LAPlaqueminesPointe à la Hache
5%
WVMasonPoint Pleasant
5%
MTLakePolson
5%
OHMeigsPomeroy
5%
WAGarfieldPomeroy
5%
MSPontotocPontotoc
5%
LAWest Baton RougePort Allen
5%
OHOttawaPort Clinton
5%
AKPrince of Wales-HyderPrince of Wales-Hyder
5%
NYSuffolkRiverhead
5%
IDLemhiSalmon
5%
ALJacksonScottsboro
5%
FLHighlandsSebring
5%
WAMasonShelton
5%
WIBurnettSiren
5%
MIArenacStandish
5%
LAWest FelicianaSt. Francisville
5%
VTWindhamSt. Johnsbury
5%
LASt. MartinSt. Martinville
5%
IABuena VistaStorm Lake
5%
FLMartinStuart
5%
VAPatrickStuart
5%
KSHaskellSublette
5%
ILDouglasTuscola
5%
NECherryValentine
5%
LAEvangelineVille Platte
5%
INKnoxVincennes
5%
SCColletonWalterboro
5%
IALouisaWapello
5%
IABremerWaverly
5%
OHPikeWaverly
5%
TNHumphreysWaverly
5%
PAGreeneWaynesburg
5%
CATrinityWeaverville
5%
IAHamiltonWebster City
5%
GABarrowWinder
5%
WIWoodWisconsin Rapids
5%
NJGloucesterWoodbury
5%
TNCannonWoodbury
5%
COYumaWray
5%
ILKendallYorkville
5%
VAWashingtonAbingdon
4%
IADallasAdel
4%
GACookAdel
4%
AKAleutians WestAleutians West
4%
MEYorkAlfred
4%
IDButteArco
4%
ARClarkArkadelphia
4%
OKAtokaAtoka
4%
MODouglasAva
4%
NCMitchellBakersville
4%
PACentreBellefonte
4%
SDButteBelle Fourche
4%
MOHarrisonBethany
4%
GAUnionBlairsville
4%
TNSullivanBlountville
4%
INWarrickBoonville
4%
MOCooperBoonville
4%
NDBottineauBottineau
4%
INClayBrazil
4%
NHRockinghamBrentwood
4%
NJCumberlandBridgeton
4%
NECusterBroken Bow
4%
KYBrackenBrooksville
4%
FLHernandoBrooksville
4%
WVUpshurBuckhannon
4%
OHCrawfordBucyrus
4%
IDCassiaBurley
4%
NCYanceyBurnsville
4%
MOCamdenCamdenton
4%
NYGreeneCatskill
4%
SDBruleChamberlain
4%
IALucasChariton
4%
WALewisChehalis
4%
VTCaledoniaChelsea
4%
GABleckleyCochran
4%
MSAlcornCorinth
4%
MIShiawasseeCorunna
4%
WIForestCrandon
4%
FLWakullaCrawfordville
4%
GATaliaferroCrawfordville
4%
COMineralCreede
4%
KYHarrisonCynthiana
4%
FLPascoDade City
4%
GAMadisonDarien
4%
MANorfolkDedham
4%
SDKingsburyDe Smet
4%
MORipleyDoniphan
4%
CODoloresDove Creek
4%
MEPiscataquisDover-Foxcroft
4%
OKStephensDuncan
4%
COKiowaEads
4%
OKCanadianEl Reno
4%
PACameronEmporium
4%
OKMajorFairview
4%
NJHunterdonFlemington
4%
SDStanleyFort Pierre
4%
KSBourbonFort Scott
4%
VAWarrenFront Royal
4%
NENanceFullerton
4%
ORCurryGold Beach
4%
KSShermanGoodland
4%
IDIdahoGrangeville
4%
GASpaldingGriffin
4%
MIAlconaHarrisville
4%
WVRitchieHarrisville
4%
INBlackfordHartford City
4%
NVMineralHawthorne
4%
ILPutnamHennepin
4%
MOHickoryHermitage
4%
NDAdamsHettinger
4%
NEGrantHyannis
4%
OKMcCurtainIdabel
4%
WACowlitzKelso
4%
SDLymanKennebec
4%
NEKimballKimball
4%
WVPrestonKingwood
4%
PAArmstrongKittanning
4%
ILMarshallLacon
4%
ORUnionLa Grande
4%
CALakeLakeport
4%
MIBaragaL'Anse
4%
TNLawrenceLawrenceburg
4%
INDearbornLawrenceburg
4%
KYAndersonLawrenceburg
4%
PAClintonLock Haven
4%
MNToddLong Prairie
4%
VAPageLuray
4%
WYNiobraraLusk
4%
MEWashingtonMachias
4%
UTDaggettManila
4%
FLJacksonMarianna
4%
ARLeeMarianna
4%
KYGravesMayfield
4%
MIOscodaMio
4%
WIMarquetteMontello
4%
ORShermanMoro
4%
WVMarshallMoundsville
4%
NJBurlingtonMount Holly
4%
NEOtoeNebraska City
4%
NYRocklandNew City
4%
WVWetzelNew Martinsville
4%
KSLoganOakley
4%
GAMarionOglethorpe
4%
KSOsborneOsborne
4%
OHLakePainesville
4%
GAAtkinsonPearson
4%
GABryanPembroke
4%
WYSublettePinedale
4%
NVLincolnPioche
4%
MSCalhounPittsboro
4%
NCChathamPittsboro
4%
MOPlattePlatte City
4%
MOButlerPoplar Bluff
4%
FLGulfPort St. Joe
4%
MSJefferson DavisPrentiss
4%
OHPortageRavenna
4%
MIPresque IsleRogers City
4%
WVHampshireRomney
4%
NESheridanRushville
4%
INRushRushville
4%
ILSchuylerRushville
4%
CACalaverasSan Andreas
4%
OKBeckhamSayre
4%
MOPettisSedalia
4%
NCGreeneSnow Hill
4%
MDWorcesterSnow Hill
4%
FLBradfordStarke
4%
NCIredellStatesville
4%
OHBelmontSt. Clairsville
4%
NDKidderSteele
4%
WVNicholasSummersville
4%
MABristolTaunton
4%
MTPrairieTerry
4%
GATiftTifton
4%
MSTunicaTunica
4%
MOMillerTuscumbia
4%
ALColbertTuscumbia
4%
MOJohnsonWarrensburg
4%
WVMcDowellWelch
4%
WVBrookeWellsburg
4%
IAFayetteWest Union
4%
OHAdamsWest Union
4%
WVDoddridgeWest Union
4%
NCMartinWilliamston
4%
GAJohnsonWrightsville
4%
NVLyonYerington
4%
AKYukon-KoyukukYukon-Koyukuk
4%
NCStanlyAlbemarle
3%
OKJacksonAltus
3%
ALCovingtonAndalusia
3%
KSHarperAnthony
3%
WILangladeAntigo
3%
GADecaturBainbridge
3%
NYSaratogaBallston Spa
3%
WYBig HornBasin
3%
NEGageBeatrice
3%
MIAntrimBellaire
3%
OHLoganBellefontaine
3%
VAClarkeBerryville
3%
SDPerkinsBison
3%
MSPrentissBooneville
3%
KYOwsleyBooneville
3%
MTPowder RiverBroadus
3%
FLLevyBronson
3%
INJacksonBrownstown
3%
MNHoustonCaledonia
3%
KYTaylorCampbellsville
3%
NYOntarioCanandaigua
3%
MOPemiscotCaruthersville
3%
UTEmeryCastle Dale
3%
WAWahkiakumCathlamet
3%
OHMercerCelina
3%
TNClayCelina
3%
NEDawesChadron
3%
IDCusterChallis
3%
OHGeaugaChardon
3%
COCheyenneCheyenne Wells
3%
OHPickawayCircleville
3%
UTSummitCoalville
3%
WAStevensColville
3%
PAPotterCoudersport
3%
WAIslandCoupeville
3%
FLOkaloosaCrestview
3%
ALTallapoosaDadeville
3%
IAHumboldtDakota City
3%
NEDakotaDakota City
3%
FLWaltonDeFuniak Springs
3%
NCSurryDobson
3%
IDTetonDriggs
3%
OKBryanDurant
3%
PACambriaEbensburg
3%
KYMetcalfeEdmonton
3%
MTCarterEkalaka
3%
MDHowardEllicott City
3%
MOShannonEminence
3%
WAGrantEphrata
3%
OKMcIntoshEufaula
3%
KYPendletonFalmouth
3%
VAPrince EdwardFarmville
3%
ALDeKalbFort Payne
3%
ORWheelerFossil
3%
MOMadisonFredericktown
3%
KSWilsonFredonia
3%
SCCherokeeGaffney
3%
OHGalliaGallipolis
3%
KSCrawfordGirard
3%
WVGilmerGlenville
3%
MOWorthGrant City
3%
VTChittendenGuildhall
3%
MSHarrisonGulfport Biloxi
3%
ILMasonHavana
3%
KYPerryHazard
3%
UTWasatchHeber City
3%
MOGasconadeHermann
3%
PABlairHollidaysburg
3%
PAWayneHonesdale
3%
KYMartinInez
3%
FLCitrusInverness
3%
WYLincolnKemmerer
3%
MODunklinKennett
3%
WVMineralKeyser
3%
OKKingfisherKingfisher
3%
AKLake and PeninsulaKing Salmon
3%
NCLenoirKinston
3%
MSAttalaKosciusko
3%
NHBelknapLaconia
3%
NDNelsonLakota
3%
MOLinnLinneus
3%
UTWayneLoa
3%
MAMiddlesexLowell Cambridge
3%
MSGeorgeLucedale
3%
KSOsageLyndon
3%
MTPhillipsMalta
3%
NCDareManteo
3%
UTSanpeteManti
3%
CAAlpineMarkleeville
3%
WVPocahontasMarlinton
3%
NJAtlanticMays Landing
3%
NYChautauquaMayville
3%
OKPittsburgMcAlester
3%
ILMassacMetropolis
3%
PASnyderMiddleburg
3%
VTFranklinMiddlebury
3%
PAJuniataMifflintown
3%
GABaldwinMilledgeville
3%
MOMontgomeryMontgomery City
3%
GAColquittMoultrie
3%
SDCampbellMound City
3%
ILPulaskiMound City
3%
KSLinnMound City
3%
UTJuabNephi
3%
WVHancockNew Cumberland
3%
NCAveryNewland
3%
KYJessamineNicholasville
3%
NEKeithOgallala
3%
COCrowleyOrdway
3%
IDClearwaterOrofino
3%
UTGarfieldPanguitch
3%
ARGreeneParagould
3%
WVTuckerParsons
3%
ILTazewellPekin
3%
NYYatesPenn Yan
3%
WAKitsapPort Orchard
3%
MOWashingtonPotosi
3%
ALAutaugaPrattville
3%
MTCarbonRed Lodge
3%
IDJeffersonRigby
3%
GACatoosaRinggold
3%
ILCrawfordRobinson
3%
IDMinidokaRupert
3%
NCRutherfordRutherfordton
3%
KSWallaceSharon Springs
3%
IAOsceolaSibley
3%
MESomersetSkowhegan
3%
IDCaribouSoda Springs
3%
AKSoutheast FairbanksSoutheast Fairbanks
3%
IDFremontSt. Anthony
3%
PANorthumberlandSunbury
3%
MILeelanauSuttons Bay Township
3%
NCJacksonSylva
3%
VAEssexTappahannock
3%
NCEdgecombeTarboro
3%
MIIoscoTawas City
3%
ILChristianTaylorville
3%
GAUpsonThomaston
3%
GAStephensToccoa
3%
PABradfordTowanda
3%
NDMcHenryTowner
3%
MTBroadwaterTownsend
3%
MSWalthallTylertown
3%
MDPrince George'sUpper Marlboro
3%
OHWyandotUpper Sandusky
3%
AKValdez-CordovaValdez-Cordova
3%
ILFayetteVandalia
3%
INSwitzerlandVevay
3%
OKCraigVinita
3%
OKWagonerWagoner
3%
KSTregoWaKeeney
3%
OHAuglaizeWapakoneta
3%
VABathWarm Springs
3%
NYSchuylerWatkins Glen
3%
OHFultonWauseon
3%
GAWareWaycross
3%
WVWebsterWebster Springs
3%
PATiogaWellsboro
3%
COCusterWestcliffe
3%
MOHowellWest Plains
3%
MSClayWest Point
3%
NECumingWest Point
3%
MTMeagherWhite Sulphur Springs
3%
NCColumbusWhiteville
3%
CAGlennWillows
3%
MTRooseveltWolf Point
3%
GACamdenWoodbine
3%
WYWashakieWorland
3%
GAPikeZebulon
3%
ILMercerAledo
2%
IAButlerAllison
2%
TNGrundyAltamont
2%
IAJonesAnamosa
2%
FLFranklinApalachicola
2%
GATurnerAshburn
2%
KYKnoxBarbourville
2%
KYNelsonBardstown
2%
GALamarBarnesville
2%
NEWheelerBartlett
2%
ARIndependenceBatesville
2%
SCMarlboroBennettsville
2%
MTSweet GrassBig Timber
2%
GAPierceBlackshear
2%
FLCalhounBlountstown
2%
GAFanninBlue Ridge
2%
NCBrunswickBolivia
2%
KYMeadeBrandenburg
2%
NCSwainBryson City
2%
FLFlaglerBunnell
2%
ORGrantCanyon City
2%
KYBoydCatlettsburg
2%
GAPolkCedartown
2%
GAMurrayChatsworth
2%
MDKentChestertown
2%
OKGradyChickasha
2%
MTBlaineChinook
2%
MTTetonChoteau
2%
ALChiltonClanton
2%
GAHabershamClarkesville
2%
GAEvansClaxton
2%
KSClayClay Center
2%
NEClayClay Center
2%
INWhitleyColumbia City
2%
INFayetteConnersville
2%
MTPonderaConrad
2%
GARockdaleConyers
2%
ORCoosCoquille
2%
GACrispCordele
2%
INHarrisonCorydon
2%
IAWayneCorydon
2%
VASouthamptonCourtland
2%
IAUnionCreston
2%
FLDixieCross City
2%
MIIronCrystal Falls
2%
GAChattahoocheeCusseta
2%
GARandolphCuthbert
2%
GAMcDuffieDanielsville
2%
NEButlerDavid City
2%
GADawsonDawsonville
2%
INCarrollDelphi
2%
ARSevierDe Queen
2%
CASierraDownieville
2%
TNWeakleyDresden
2%
RIKentEast Greenwich
2%
VANorthamptonEastville
2%
GAPutnamEatonton
2%
NCChowanEdenton
2%
ALCoffeeElba
2%
GAElbertElberton
2%
GAGilmerEllijay
2%
TNUnicoiErwin
2%
ALGreeneEutaw
2%
ALConecuhEvergreen
2%
VABotetourtFincastle
2%
GABen HillFitzgerald
2%
GACharltonFolkston
2%
NYMontgomeryFonda
2%
IAWinnebagoForest City
2%
MTChouteauFort Benton
2%
NJMonmouthFreehold Borough
2%
WIAdamsFriendship
2%
IAHancockGarner
2%
KSAndersonGarnett
2%
VAScottGate City
2%
NEScotts BluffGering
2%
KSGoveGove City
2%
KSBartonGreat Bend
2%
INPutnamGreencastle
2%
MTWheatlandHarlowton
2%
MOWrightHartville
2%
GAHartHartwell
2%
GAPulaskiHawkinsville
2%
NCClayHayesville
2%
GAJeff DavisHazlehurst
2%
MSCopiahHazlehurst
2%
AKDenaliHealy
2%
NEThayerHebron
2%
ORMorrowHeppner
2%
GATownsHiawassee
2%
KSBrownHiawatha
2%
KSGrahamHill City
2%
VACarrollHillsville
2%
WVSummersHinton
2%
KSJacksonHolton
2%
WIIronHurley
2%
KSAllenIola
2%
GAWilkinsonIrwinton
2%
GAWayneJesup
2%
TNWashingtonJonesborough
2%
MOClarkKahoka
2%
WIMenomineeKeshena
2%
MOCharitonKeytesville
2%
FLHendryLaBelle
2%
NYHamiltonLake Pleasant
2%
NCScotlandLaurinburg
2%
MSGreeneLeakesville
2%
MDSt. Mary'sLeonardtown
2%
NDEmmonsLinton
2%
NYCattaraugusLittle Valley
2%
NCFranklinLouisburg
2%
NYLewisLowville
2%
FLBakerMacclenny
2%
ORJeffersonMadras
2%
IDOneidaMalad City
2%
NYFranklinMalone
2%
ARHot SpringMalvern
2%
NHHillsboroughManchester Nashua
2%
SCClarendonManning
2%
NDDunnManning
2%
MOBollingerMarble Hill
2%
MSIssaquenaMayersville
2%
FLLafayetteMayo
2%
PAFultonMcConnellsburg
2%
OHMorganMcConnelsville
2%
KYJacksonMcKee
2%
GATelfairMcRae
2%
GACandlerMetter
2%
SCBerkeleyMoncks Corner
2%
WAGrays HarborMontesano
2%
WVHardyMoorefield
2%
FLGladesMoore Haven
2%
TNJohnsonMountain City
2%
ILWabashMount Carmel
2%
ILCarrollMount Carroll
2%
OHMorrowMount Gilead
2%
KYRobertsonMount Olivet
2%
ILBrownMount Sterling
2%
KYMontgomeryMount Sterling
2%
NEHookerMullen
2%
ILJacksonMurphysboro
2%
PAPerryNew Bloomfield
2%
IAChickasawNew Hampton
2%
OHPerryNew Lexington
2%
VTOrleansNorth Hero
2%
OKNowataNowata
2%
OKOkfuskeeOkemah
2%
ILRichlandOlney
2%
NEHoltO'Neill
2%
IASiouxOrange City
2%
KSJeffersonOskaloosa
2%
IAMahaskaOskaloosa
2%
NYTiogaOwego
2%
KYOwenOwenton
2%
KYJohnsonPaintsville
2%
KSMiamiPaola
2%
INOrangePaoli
2%
NESarpyPapillion
2%
UTIronParowan
2%
OKOsagePawhuska
2%
ILFordPaxton
2%
VAGilesPearisburg
2%
NEThurstonPender
2%
WVBarbourPhilippi
2%
MTGranitePhilipsburg
2%
MTSheridanPlentywood
2%
MSPearl RiverPoplarville
2%
MSClaibornePort Gibson
2%
MDCalvertPrince Frederick
2%
MDSomersetPrincess Anne
2%
ORCrookPrineville
2%
WABentonProsser
2%
OKMayesPryor
2%
MSLamarPurvis
2%
NYWarrenQueensbury
2%
MIOsceolaReed City
2%
PAElkRidgway
2%
INOhioRising Sun
2%
WAAdamsRitzville
2%
NCGrahamRobbinsville
2%
IACalhounRockwell City
2%
TNHawkinsRogersville
2%
MTMusselshellRoundup
2%
NCPersonRoxboro
2%
NDPierceRugby
2%
GAWashingtonSandersville
2%
OKCreekSapulpa
2%
KSScottScott City
2%
INScottScottsburg
2%
WIWashburnShell Lake
2%
SDRobertsSisseton
2%
PAMcKeanSmethport
2%
IADickinsonSpirit Lake
2%
MOCrawfordSteelville
2%
IDBenewahSt. Maries
2%
SCCalhounSt. Matthews
2%
GAEmanuelSwainsboro
2%
NCHydeSwan Quarter
2%
GAScrevenSylvania
2%
MTSandersThompson Falls
2%
GAMaconThomson
2%
PAForestTionesta
2%
TNLakeTiptonville
2%
ILStarkToulon
2%
KSGreeleyTribune
2%
PAWyomingTunkhannock
2%
KSGrantUlysses
2%
KYLewisVanceburg
2%
NCAnsonWadesboro
2%
SCOconeeWalhalla
2%
OKCottonWalters
2%
MSWebsterWalthall
2%
NDMcKenzieWatford City
2%
GAOconeeWatkinsville
2%
ILIroquoisWatseka
2%
NCRockinghamWentworth
2%
SDJerauldWessington Springs
2%
KYMorganWest Liberty
2%
ALElmoreWetumpka
2%
MINewaygoWhite Cloud
2%
SDMelletteWhite River
2%
KYLetcherWhitesburg
2%
KYBallardWickliffe
2%
MSStoneWiggins
2%
MNCottonwoodWindom
2%
SDTrippWinner
2%
MTPetroleumWinnett
2%
IAMadisonWinterset
2%
MELincolnWiscasset
2%
OHMonroeWoodsfield
2%
ARCrossWynne
2%
KSWoodsonYates Center
2%
NEBrownAinsworth
1%
IAMonroeAlbia
1%
KYCampbellAlexandria and Newport
1%
IAKossuthAlgona
1%
OKWoodsAlva
1%
NDSlopeAmidon
1%
OKCaddoAnadarko
1%
OKPushmatahaAntlers
1%
GAColumbiaAppling Evans
1%
SDDouglasArmour
1%
OKEllisArnett
1%
ARLittle RiverAshdown
1%
ARSharpAsh Flat
1%
TNCheathamAshland City
1%
KSRawlinsAtwood
1%
WIPolkBalsam Lake
1%
KYCarlisleBardwell
1%
NERockBassett
1%
GAApplingBaxley
1%
NCPamlicoBayboro
1%
MSJasperBay Springs Paulding
1%
KYLeeBeattyville
1%
NEFurnasBeaver City
1%
NEDundyBenkelman
1%
VTAddisonBennington Manchester
1%
SCLeeBishopville
1%
GAEarlyBlakely
1%
FLHolmesBonifay
1%
NDBurkeBowbells
1%
VAMecklenburgBoydton
1%
ALEscambiaBrewton
1%
SDMarshallBritton
1%
MAPlymouthBrockton Plymouth
1%
NCPenderBurgaw
1%
NEGarfieldBurwell
1%
FLSumterBushnell
1%
TNPickettByrdstown
1%
GAMitchellCamilla
1%
KYWolfeCampton
1%
NDTownerCando
1%
ILMacoupinCarlinville
1%
ILClintonCarlyle
1%
NYPutnamCarmel Hamlet
1%
ILWhiteCarmi
1%
GAFranklinCarnesville
1%
NDFosterCarrington
1%
NEDeuelChappell
1%
VACharlotteCharlotte Court House
1%
ALWashingtonChatom
1%
FLWashingtonChipley
1%
OKRogersClaremore
1%
IAPageClarinda
1%
MSBolivarCleveland Rosedale
1%
VADickensonClintwood
1%
OKCoalCoalgate
1%
ORGilliamCondon
1%
OKWashitaCordell
1%
KSChaseCottonwood Falls
1%
KSMorrisCouncil Grove
1%
IAHowardCresco
1%
TNCumberlandCrossville
1%
TNJeffersonDandridge
1%
ARYellDardanelle Danville
1%
TNDecaturDecaturville
1%
KSLaneDighton
1%
GASeminoleDonalsonville
1%
ALWinstonDouble Springs
1%
TNSequatchieDunlap
1%
SDZiebachDupree
1%
GADodgeEastman
1%
KYLyonEddyville
1%
IAClaytonElkader
1%
SDUnionElk Point
1%
GASchleyEllaville
1%
NDDickeyEllendale
1%
IAPalo AltoEmmetsburg
1%
INCrawfordEnglish
1%
TNHoustonErin
1%
NERichardsonFalls City
1%
SDFaulkFaulkton
1%
NDWellsFessenden
1%
NDSteeleFinley
1%
SDMoodyFlandreau
1%
KYFlemingFlemingsburg
1%
ARDallasFordyce
1%
NYWashingtonFort Edward
1%
GAClayFort Gaines
1%
ARSebastianFort Smith Greenwood
1%
GAPeachFort Valley
1%
INBentonFowler
1%
KYMenifeeFrenchburg
1%
TNJacksonGainesboro
1%
SDBuffaloGann Valley
1%
ILPopeGolconda
1%
FLClayGreen Cove Springs
1%
ALClarkeGrove Hill
1%
IAGrundyGrundy Center
1%
ALMarshallGuntersville
1%
IAGuthrieGuthrie Center
1%
KYBreckinridgeHardinsburg
1%
KYMercerHarrodsburg
1%
NECedarHartington
1%
TNTrousdaleHartsville
1%
NEHayesHayes Center
1%
ALLowndesHayneville
1%
SDHamlinHayti
1%
VANorthumberlandHeathsville
1%
ARCleburneHeber Springs
1%
ALCleburneHeflin
1%
SDHydeHighmore
1%
KYKnottHindman
1%
OKKiowaHobart
1%
KYLaRueHodgenville
1%
TNLewisHohenwald
1%
OKHughesHoldenville
1%
MSMarshallHolly Springs
1%
GAClinchHomerville
1%
KSSheridanHoxie
1%
KSStevensHugoton
1%
KYLeslieHyden
1%
MTTreasureHysham
1%
MSTishomingoIuka
1%
MNLincolnIvanhoe
1%
MSHindsJackson Raymond
1%
ILJerseyJerseyville
1%
KSHodgemanJetmore
1%
SDJacksonKadoka
1%
NCDuplinKenansville
1%
INNewtonKentland
1%
SCWilliamsburgKingstree
1%
KSEdwardsKinsley
1%
FLUnionLake Butler
1%
ARChicotLake Village
1%
KSKearnyLakin
1%
NDLaMoureLaMoure
1%
NDCavalierLangdon
1%
KSPawneeLarned
1%
MSJonesLaurel Ellisville
1%
KYGraysonLeitchfield
1%
SDMcPhersonLeola
1%
KSWichitaLeoti
1%
NCHarnettLillington
1%
VANelsonLovingston
1%
GALongLudowici
1%
OKMarshallMadill
1%
OKGreerMangum
1%
MNDodgeMantorville
1%
IAJacksonMaquoketa
1%
TNUnionMaynardville
1%
ILHamiltonMcLeansboro
1%
KSBarberMedicine Lodge
1%
MSSimpsonMendenhall
1%
WVTylerMiddlebourne
1%
SDGrantMilbank
1%
VAWestmorelandMontross
1%
KYUnionMorganfield
1%
ARConwayMorrilton
1%
ALLawrenceMoulton
1%
ARMontgomeryMount Ida
1%
KYHartMunfordville
1%
GABrantleyNahunta
1%
AKBristol BayNaknek
1%
KSNessNess City
1%
MSPerryNew Augusta
1%
VTLamoilleNewfane
1%
OKKayNewkirk
1%
NHGraftonNorth Haverhill
1%
IAWorthNorthwood
1%
GAIrwinOcilla
1%
SDHutchinsonOlivet
1%
IAMononaOnawa
1%
ILHendersonOquawka
1%
NHCarrollOssipee
1%
KYBathOwingsville
1%
ARFranklinOzark Charleston
1%
OKGarvinPauls Valley
1%
NEPawneePawnee City
1%
ALSt. ClairPell City Ashville
1%
ILPerryPinckneyville
1%
SDAuroraPlankinton
1%
NECassPlattsmouth
1%
OKLe FlorePoteau
1%
KYFloydPrestonsburg
1%
IAO'BrienPrimghar
1%
OKMcClainPurcell
1%
NCHokeRaeford
1%
SDSpinkRedfield
1%
IAMontgomeryRed Oak
1%
GATattnallReidsville
1%
SCJasperRidgeland
1%
IALyonRock Rapids
1%
MSSharkeyRolling Fork
1%
VACampbellRustburg
1%
TNGraingerRutledge
1%
MTGolden ValleyRyegate
1%
MAEssexSalem Lawrence
1%
OKSequoyahSallisaw
1%
KYMagoffinSalyersville
1%
KYElliottSandy Hook
1%
MTDanielsScobey
1%
KSChautauquaSedan
1%
SDWalworthSelby
1%
TNMcNairySelmer
1%
MSTateSenatobia
1%
ILGallatinShawneetown
1%
KYBullittShepherdsville
1%
INMartinShoals
1%
IAKeokukSigourney
1%
MNMurraySlayton
1%
KSSmithSmith Center
1%
KYLivingstonSmithland
1%
TNHancockSneedville
1%
GATreutlenSoperton
1%
VAGreeneStanardsville
1%
NELoganStapleton
1%
ARLincolnStar City
1%
GAEcholsStatenville
1%
OKHaskellStigler
1%
OKAdairStilwell
1%
GAWorthSylvester
1%
GATalbotTalbotton
1%
OKDeweyTaloga
1%
FLLakeTavares
1%
NEJohnsonTecumseh
1%
INPerryTell City
1%
NEThomasThedford
1%
SDDeweyTimber Lake
1%
KYMonroeTompkinsville
1%
NEMcPhersonTryon
1%
SDBon HommeTyndall
1%
ALBullockUnion Springs
1%
ARScottWaldron
1%
ARLawrenceWalnut Ridge
1%
NYMadisonWampsville
1%
TNMorganWartburg
1%
OKBlaineWatonga
1%
FLHardeeWauchula
1%
IAAllamakeeWaukon
1%
OKJeffersonWaurika
1%
WIWausharaWautoma
1%
ALRandolphWedowee
1%
OKSeminoleWewoka
1%
KYMcCrearyWhitley City
1%
OKLatimerWilburton
1%
INPulaskiWinamac
1%
NCHertfordWinton
1%
ARMarionYellville
1%
MSChoctawAckerman
0%
MSPanolaBatesville Sardis
0%
MSHumphreysBelzoni
0%
ARMississippiBlytheville Osceola
0%
ARLoganBooneville Paris
0%
KYCumberlandBurkesville
0%
MSTallahatchieCharleston Sumner
0%
KYKentonCovington and Independence
0%
ARPrairieDes Arc DeValls Bluff
0%
ARArkansasDeWitt Stuttgart
0%
NEGosperElwood
0%
IAEmmetEstherville
0%
ARCarrollEureka Springs Berryville
0%
NEJeffersonFairbury
0%
NDSargentForman
0%
IALeeFort Madison and Keokuk
0%
NDSiouxFort Yates
0%
KYHancockHawesville
0%
NEPhelpsHoldrege
0%
MSChickasawHouston Okolona
0%
IAVan BurenKeosauqua
0%
SDCharles MixLake Andes
0%
ARCraigheadLake City Jonesboro
0%
NEShermanLoup City
0%
NDSheridanMcClusky
0%
NDBensonMinnewaukan
0%
NDRenvilleMohall
0%
NDHettingerMott
0%
IARinggoldMount Ayr
0%
WIClarkNeillsville
0%
NEAntelopeNeligh
0%
NDEddyNew Rockford
0%
SDSullyOnida
0%
ARClayPiggott Corning
0%
NEWebsterRed Cloud
0%
ARClevelandRison
0%
RIWashingtonSouth Kingstown West Kingston
0%
NEKeya PahaSpringview
0%
NEFrontierStockville
0%
NEBurtTekamah
0%
MSCarrollVaiden Carrollton
0%
NESaundersWahoo
0%
MSYalobushaWater Valley Coffeeville
0%
NESalineWilber
0%
CTWindhamWillimantic Putnam
0%

Score Distribution

Percentile by Number Answered

Percent of People with Each Score

Your Score History

You have not taken this quiz